<?xml version="1.0" encoding="UTF-8"?>
<collection xmlns="http://www.loc.gov/MARC21/slim">
<record>
  <controlfield tag="001">1297970</controlfield>
  <controlfield tag="005">20241120164224.0</controlfield>
  <datafield tag="024" ind1="8" ind2=" ">
    <subfield code="a">oai:cds.cern.ch:1297970</subfield>
    <subfield code="p">cerncds:FULLTEXT</subfield>
  </datafield>
  <datafield tag="960" ind1=" " ind2=" ">
    <subfield code="a">81</subfield>
  </datafield>
  <datafield tag="963" ind1=" " ind2=" ">
    <subfield code="a">PUBLIC</subfield>
  </datafield>
  <datafield tag="980" ind1=" " ind2=" ">
    <subfield code="a">PHOTOLAB</subfield>
  </datafield>
  <datafield tag="595" ind1=" " ind2=" ">
    <subfield code="a">CERN EDS</subfield>
  </datafield>
  <datafield tag="650" ind1="1" ind2="7">
    <subfield code="2">SzGeCERN</subfield>
    <subfield code="a">Experiments and Tracks</subfield>
  </datafield>
  <datafield tag="653" ind1="1" ind2=" ">
    <subfield code="9">CERN</subfield>
    <subfield code="a">ATLAS</subfield>
  </datafield>
  <datafield tag="653" ind1="1" ind2=" ">
    <subfield code="9">CERN</subfield>
    <subfield code="a">mural</subfield>
  </datafield>
  <datafield tag="653" ind1="1" ind2=" ">
    <subfield code="9">CERN</subfield>
    <subfield code="a">art</subfield>
  </datafield>
  <datafield tag="653" ind1="1" ind2=" ">
    <subfield code="9">CERN</subfield>
    <subfield code="a">Josef Kristofoletti</subfield>
  </datafield>
  <datafield tag="653" ind1="1" ind2=" ">
    <subfield code="9">CERN</subfield>
    <subfield code="a">Outreach</subfield>
  </datafield>
  <datafield tag="653" ind1="1" ind2=" ">
    <subfield code="9">CERN</subfield>
    <subfield code="a">Collaboration</subfield>
  </datafield>
  <datafield tag="653" ind1="1" ind2=" ">
    <subfield code="9">CERN</subfield>
    <subfield code="a">Celebrations</subfield>
  </datafield>
  <datafield tag="653" ind1="2" ind2=" ">
    <subfield code="9">CERN</subfield>
    <subfield code="a">collaboration</subfield>
  </datafield>
  <datafield tag="653" ind1="2" ind2=" ">
    <subfield code="9">CERN</subfield>
    <subfield code="a">Outreach</subfield>
  </datafield>
  <datafield tag="653" ind1="2" ind2=" ">
    <subfield code="9">CERN</subfield>
    <subfield code="a">general</subfield>
  </datafield>
  <datafield tag="737" ind1=" " ind2=" ">
    <subfield code="c">43</subfield>
    <subfield code="e">1734476</subfield>
    <subfield code="n">10</subfield>
    <subfield code="p">CERN Courier</subfield>
    <subfield code="v">50</subfield>
    <subfield code="y">2010</subfield>
  </datafield>
  <datafield tag="773" ind1=" " ind2=" ">
    <subfield code="p">&lt;b>For more pictures and video of the ATLAS art mural&lt;/b> CERN Press Release 19.10 : 6 October 2010 (english) CERN Press Release PR19.10 : 6 October 2010 (french) CERN</subfield>
    <subfield code="u">http://cdsweb.cern.ch/search?cc=Multimedia+%26+Outreach&amp;ln=en&amp;p=mural&amp;f=&amp;action_search=Search&amp;c=Photos&amp;c=Video+Movies&amp;c=&amp;sf=&amp;so=d&amp;rm=&amp;rg=10&amp;sc=1&amp;of=hd http://press.web.cern.ch/press/PressReleases/Releases2010/PR19.10E.html http://press.web.cern.ch/press/PressReleases/Releases2010/PR19.10F.html</subfield>
  </datafield>
  <datafield tag="773" ind1=" " ind2=" ">
    <subfield code="c">43</subfield>
    <subfield code="e">1734476</subfield>
    <subfield code="n">10</subfield>
    <subfield code="p">CERN Courier</subfield>
    <subfield code="v">50</subfield>
    <subfield code="y">2010</subfield>
  </datafield>
  <datafield tag="856" ind1="7" ind2=" ">
    <subfield code="2">MediaArchive</subfield>
    <subfield code="8">15</subfield>
    <subfield code="d">\\cern.ch\dfs\Services\MediaArchive\Photo\Masters\2010\1010234\1010234_15.jpg</subfield>
    <subfield code="x">Absolute master path</subfield>
  </datafield>
  <datafield tag="856" ind1="7" ind2=" ">
    <subfield code="2">MediaArchive</subfield>
    <subfield code="8">16</subfield>
    <subfield code="d">\\cern.ch\dfs\Services\MediaArchive\Photo\Masters\2010\1010234\1010234_16.jpg</subfield>
    <subfield code="x">Absolute master path</subfield>
  </datafield>
  <datafield tag="856" ind1="7" ind2=" ">
    <subfield code="2">MediaArchive</subfield>
    <subfield code="8">17</subfield>
    <subfield code="d">\\cern.ch\dfs\Services\MediaArchive\Photo\Masters\2010\1010234\1010234_17.jpg</subfield>
    <subfield code="x">Absolute master path</subfield>
  </datafield>
  <datafield tag="856" ind1="7" ind2=" ">
    <subfield code="2">MediaArchive</subfield>
    <subfield code="8">18</subfield>
    <subfield code="d">\\cern.ch\dfs\Services\MediaArchive\Photo\Masters\2010\1010234\1010234_18.jpg</subfield>
    <subfield code="x">Absolute master path</subfield>
  </datafield>
  <datafield tag="856" ind1="7" ind2=" ">
    <subfield code="2">MediaArchive</subfield>
    <subfield code="8">19</subfield>
    <subfield code="d">\\cern.ch\dfs\Services\MediaArchive\Photo\Masters\2010\1010234\1010234_19.jpg</subfield>
    <subfield code="x">Absolute master path</subfield>
  </datafield>
  <datafield tag="856" ind1="7" ind2=" ">
    <subfield code="2">MediaArchive</subfield>
    <subfield code="8">20</subfield>
    <subfield code="d">\\cern.ch\dfs\Services\MediaArchive\Photo\Masters\2010\1010234\1010234_20.jpg</subfield>
    <subfield code="x">Absolute master path</subfield>
  </datafield>
  <datafield tag="856" ind1="7" ind2=" ">
    <subfield code="2">MediaArchive</subfield>
    <subfield code="8">14</subfield>
    <subfield code="d">\\cern.ch\dfs\Services\MediaArchive\Photo\Masters\2010\1010234\1010234_14.jpg</subfield>
    <subfield code="x">Absolute master path</subfield>
  </datafield>
  <datafield tag="856" ind1="4" ind2=" ">
    <subfield code="8">2600188</subfield>
    <subfield code="s">8458374</subfield>
    <subfield code="u">http://cds.cern.ch/record/1297970/files/1010234_01.jpg</subfield>
    <subfield code="z">CDSINTERNAL|MediaArchive|Migrated from: \\cern.ch\dfs\Services\MediaArchive\Photo\Masters\2010\1010234\1010234_01.jpg</subfield>
  </datafield>
  <datafield tag="856" ind1="4" ind2=" ">
    <subfield code="8">2600189</subfield>
    <subfield code="s">8805572</subfield>
    <subfield code="u">http://cds.cern.ch/record/1297970/files/1010234_02.jpg</subfield>
    <subfield code="z">CDSINTERNAL|MediaArchive|Migrated from: \\cern.ch\dfs\Services\MediaArchive\Photo\Masters\2010\1010234\1010234_02.jpg</subfield>
  </datafield>
  <datafield tag="856" ind1="4" ind2=" ">
    <subfield code="8">2600190</subfield>
    <subfield code="s">9375727</subfield>
    <subfield code="u">http://cds.cern.ch/record/1297970/files/1010234_03.jpg</subfield>
    <subfield code="z">CDSINTERNAL|MediaArchive|Migrated from: \\cern.ch\dfs\Services\MediaArchive\Photo\Masters\2010\1010234\1010234_03.jpg</subfield>
  </datafield>
  <datafield tag="856" ind1="4" ind2=" ">
    <subfield code="8">2600191</subfield>
    <subfield code="s">9386130</subfield>
    <subfield code="u">http://cds.cern.ch/record/1297970/files/1010234_04.jpg</subfield>
    <subfield code="z">CDSINTERNAL|MediaArchive|Migrated from: \\cern.ch\dfs\Services\MediaArchive\Photo\Masters\2010\1010234\1010234_04.jpg</subfield>
  </datafield>
  <datafield tag="856" ind1="4" ind2=" ">
    <subfield code="8">2600192</subfield>
    <subfield code="s">10183701</subfield>
    <subfield code="u">http://cds.cern.ch/record/1297970/files/1010234_06.jpg</subfield>
    <subfield code="z">CDSINTERNAL|MediaArchive|Migrated from: \\cern.ch\dfs\Services\MediaArchive\Photo\Masters\2010\1010234\1010234_06.jpg</subfield>
  </datafield>
  <datafield tag="856" ind1="4" ind2=" ">
    <subfield code="8">2600193</subfield>
    <subfield code="s">6104920</subfield>
    <subfield code="u">http://cds.cern.ch/record/1297970/files/1010234_08.jpg</subfield>
    <subfield code="z">CDSINTERNAL|MediaArchive|Migrated from: \\cern.ch\dfs\Services\MediaArchive\Photo\Masters\2010\1010234\1010234_08.jpg</subfield>
  </datafield>
  <datafield tag="856" ind1="4" ind2=" ">
    <subfield code="8">2600194</subfield>
    <subfield code="s">10732212</subfield>
    <subfield code="u">http://cds.cern.ch/record/1297970/files/1010234_10.jpg</subfield>
    <subfield code="z">CDSINTERNAL|MediaArchive|Migrated from: \\cern.ch\dfs\Services\MediaArchive\Photo\Masters\2010\1010234\1010234_10.jpg</subfield>
  </datafield>
  <datafield tag="856" ind1="4" ind2=" ">
    <subfield code="8">2600195</subfield>
    <subfield code="s">10081812</subfield>
    <subfield code="u">http://cds.cern.ch/record/1297970/files/1010234_09.jpg</subfield>
    <subfield code="z">CDSINTERNAL|MediaArchive|Migrated from: \\cern.ch\dfs\Services\MediaArchive\Photo\Masters\2010\1010234\1010234_09.jpg</subfield>
  </datafield>
  <datafield tag="856" ind1="4" ind2=" ">
    <subfield code="8">2600196</subfield>
    <subfield code="s">9945773</subfield>
    <subfield code="u">http://cds.cern.ch/record/1297970/files/1010234_07.jpg</subfield>
    <subfield code="z">CDSINTERNAL|MediaArchive|Migrated from: \\cern.ch\dfs\Services\MediaArchive\Photo\Masters\2010\1010234\1010234_07.jpg</subfield>
  </datafield>
  <datafield tag="856" ind1="4" ind2=" ">
    <subfield code="8">2600197</subfield>
    <subfield code="s">10272106</subfield>
    <subfield code="u">http://cds.cern.ch/record/1297970/files/1010234_05.jpg</subfield>
    <subfield code="z">CDSINTERNAL|MediaArchive|Migrated from: \\cern.ch\dfs\Services\MediaArchive\Photo\Masters\2010\1010234\1010234_05.jpg</subfield>
  </datafield>
  <datafield tag="856" ind1="4" ind2=" ">
    <subfield code="8">2600198</subfield>
    <subfield code="s">13165825</subfield>
    <subfield code="u">http://cds.cern.ch/record/1297970/files/1010234_11.jpg</subfield>
    <subfield code="z">CDSINTERNAL|MediaArchive|Migrated from: \\cern.ch\dfs\Services\MediaArchive\Photo\Masters\2010\1010234\1010234_11.jpg</subfield>
  </datafield>
  <datafield tag="856" ind1="4" ind2=" ">
    <subfield code="8">2600199</subfield>
    <subfield code="s">12972398</subfield>
    <subfield code="u">http://cds.cern.ch/record/1297970/files/1010234_12.jpg</subfield>
    <subfield code="z">CDSINTERNAL|MediaArchive|Migrated from: \\cern.ch\dfs\Services\MediaArchive\Photo\Masters\2010\1010234\1010234_12.jpg</subfield>
  </datafield>
  <datafield tag="856" ind1="4" ind2=" ">
    <subfield code="8">2600200</subfield>
    <subfield code="s">5257963</subfield>
    <subfield code="u">http://cds.cern.ch/record/1297970/files/1010234_13.jpg</subfield>
    <subfield code="z">CDSINTERNAL|MediaArchive|Migrated from: \\cern.ch\dfs\Services\MediaArchive\Photo\Masters\2010\1010234\1010234_13.jpg</subfield>
  </datafield>
  <datafield tag="856" ind1="4" ind2=" ">
    <subfield code="8">2600188</subfield>
    <subfield code="s">12630</subfield>
    <subfield code="u">http://cds.cern.ch/record/1297970/files/1010234_01.jpg?subformat=icon-180</subfield>
    <subfield code="x">icon-180</subfield>
    <subfield code="z">CDSINTERNAL|MediaArchive|Migrated from: http://mediaarchive.cern.ch/MediaArchive/Photo/Public/2010/1010234/1010234_01/1010234_01-Icon.jpg</subfield>
  </datafield>
  <datafield tag="856" ind1="4" ind2=" ">
    <subfield code="8">2600188</subfield>
    <subfield code="s">460560</subfield>
    <subfield code="u">http://cds.cern.ch/record/1297970/files/1010234_01.jpg?subformat=icon-1440</subfield>
    <subfield code="x">icon-1440</subfield>
    <subfield code="z">CDSINTERNAL|MediaArchive|Migrated from: http://mediaarchive.cern.ch/MediaArchive/Photo/Public/2010/1010234/1010234_01/1010234_01-A4-at-144-dpi.jpg</subfield>
  </datafield>
  <datafield tag="856" ind1="4" ind2=" ">
    <subfield code="8">2600188</subfield>
    <subfield code="s">83235</subfield>
    <subfield code="u">http://cds.cern.ch/record/1297970/files/1010234_01.jpg?subformat=icon-720</subfield>
    <subfield code="x">icon-720</subfield>
    <subfield code="z">CDSINTERNAL|MediaArchive|Migrated from: http://mediaarchive.cern.ch/MediaArchive/Photo/Public/2010/1010234/1010234_01/1010234_01-A5-at-72-dpi.jpg</subfield>
  </datafield>
  <datafield tag="856" ind1="4" ind2=" ">
    <subfield code="8">2600189</subfield>
    <subfield code="s">12215</subfield>
    <subfield code="u">http://cds.cern.ch/record/1297970/files/1010234_02.jpg?subformat=icon-180</subfield>
    <subfield code="x">icon-180</subfield>
    <subfield code="z">CDSINTERNAL|MediaArchive|Migrated from: http://mediaarchive.cern.ch/MediaArchive/Photo/Public/2010/1010234/1010234_02/1010234_02-Icon.jpg</subfield>
  </datafield>
  <datafield tag="856" ind1="4" ind2=" ">
    <subfield code="8">2600189</subfield>
    <subfield code="s">438537</subfield>
    <subfield code="u">http://cds.cern.ch/record/1297970/files/1010234_02.jpg?subformat=icon-1440</subfield>
    <subfield code="x">icon-1440</subfield>
    <subfield code="z">CDSINTERNAL|MediaArchive|Migrated from: http://mediaarchive.cern.ch/MediaArchive/Photo/Public/2010/1010234/1010234_02/1010234_02-A4-at-144-dpi.jpg</subfield>
  </datafield>
  <datafield tag="856" ind1="4" ind2=" ">
    <subfield code="8">2600189</subfield>
    <subfield code="s">79686</subfield>
    <subfield code="u">http://cds.cern.ch/record/1297970/files/1010234_02.jpg?subformat=icon-720</subfield>
    <subfield code="x">icon-720</subfield>
    <subfield code="z">CDSINTERNAL|MediaArchive|Migrated from: http://mediaarchive.cern.ch/MediaArchive/Photo/Public/2010/1010234/1010234_02/1010234_02-A5-at-72-dpi.jpg</subfield>
  </datafield>
  <datafield tag="856" ind1="4" ind2=" ">
    <subfield code="8">2600190</subfield>
    <subfield code="s">10230</subfield>
    <subfield code="u">http://cds.cern.ch/record/1297970/files/1010234_03.jpg?subformat=icon-180</subfield>
    <subfield code="x">icon-180</subfield>
    <subfield code="z">CDSINTERNAL|MediaArchive|Migrated from: http://mediaarchive.cern.ch/MediaArchive/Photo/Public/2010/1010234/1010234_03/1010234_03-Icon.jpg</subfield>
  </datafield>
  <datafield tag="856" ind1="4" ind2=" ">
    <subfield code="8">2600190</subfield>
    <subfield code="s">393361</subfield>
    <subfield code="u">http://cds.cern.ch/record/1297970/files/1010234_03.jpg?subformat=icon-1440</subfield>
    <subfield code="x">icon-1440</subfield>
    <subfield code="z">CDSINTERNAL|MediaArchive|Migrated from: http://mediaarchive.cern.ch/MediaArchive/Photo/Public/2010/1010234/1010234_03/1010234_03-A4-at-144-dpi.jpg</subfield>
  </datafield>
  <datafield tag="856" ind1="4" ind2=" ">
    <subfield code="8">2600190</subfield>
    <subfield code="s">65809</subfield>
    <subfield code="u">http://cds.cern.ch/record/1297970/files/1010234_03.jpg?subformat=icon-720</subfield>
    <subfield code="x">icon-720</subfield>
    <subfield code="z">CDSINTERNAL|MediaArchive|Migrated from: http://mediaarchive.cern.ch/MediaArchive/Photo/Public/2010/1010234/1010234_03/1010234_03-A5-at-72-dpi.jpg</subfield>
  </datafield>
  <datafield tag="856" ind1="4" ind2=" ">
    <subfield code="8">2600191</subfield>
    <subfield code="s">11896</subfield>
    <subfield code="u">http://cds.cern.ch/record/1297970/files/1010234_04.jpg?subformat=icon-180</subfield>
    <subfield code="x">icon-180</subfield>
    <subfield code="z">CDSINTERNAL|MediaArchive|Migrated from: http://mediaarchive.cern.ch/MediaArchive/Photo/Public/2010/1010234/1010234_04/1010234_04-Icon.jpg</subfield>
  </datafield>
  <datafield tag="856" ind1="4" ind2=" ">
    <subfield code="8">2600191</subfield>
    <subfield code="s">386804</subfield>
    <subfield code="u">http://cds.cern.ch/record/1297970/files/1010234_04.jpg?subformat=icon-1440</subfield>
    <subfield code="x">icon-1440</subfield>
    <subfield code="z">CDSINTERNAL|MediaArchive|Migrated from: http://mediaarchive.cern.ch/MediaArchive/Photo/Public/2010/1010234/1010234_04/1010234_04-A4-at-144-dpi.jpg</subfield>
  </datafield>
  <datafield tag="856" ind1="4" ind2=" ">
    <subfield code="8">2600191</subfield>
    <subfield code="s">71633</subfield>
    <subfield code="u">http://cds.cern.ch/record/1297970/files/1010234_04.jpg?subformat=icon-720</subfield>
    <subfield code="x">icon-720</subfield>
    <subfield code="z">CDSINTERNAL|MediaArchive|Migrated from: http://mediaarchive.cern.ch/MediaArchive/Photo/Public/2010/1010234/1010234_04/1010234_04-A5-at-72-dpi.jpg</subfield>
  </datafield>
  <datafield tag="856" ind1="4" ind2=" ">
    <subfield code="8">2600192</subfield>
    <subfield code="s">12786</subfield>
    <subfield code="u">http://cds.cern.ch/record/1297970/files/1010234_06.jpg?subformat=icon-180</subfield>
    <subfield code="x">icon-180</subfield>
    <subfield code="z">CDSINTERNAL|MediaArchive|Migrated from: http://mediaarchive.cern.ch/MediaArchive/Photo/Public/2010/1010234/1010234_06/1010234_06-Icon.jpg</subfield>
  </datafield>
  <datafield tag="856" ind1="4" ind2=" ">
    <subfield code="8">2600192</subfield>
    <subfield code="s">415875</subfield>
    <subfield code="u">http://cds.cern.ch/record/1297970/files/1010234_06.jpg?subformat=icon-1440</subfield>
    <subfield code="x">icon-1440</subfield>
    <subfield code="z">CDSINTERNAL|MediaArchive|Migrated from: http://mediaarchive.cern.ch/MediaArchive/Photo/Public/2010/1010234/1010234_06/1010234_06-A4-at-144-dpi.jpg</subfield>
  </datafield>
  <datafield tag="856" ind1="4" ind2=" ">
    <subfield code="8">2600192</subfield>
    <subfield code="s">76516</subfield>
    <subfield code="u">http://cds.cern.ch/record/1297970/files/1010234_06.jpg?subformat=icon-720</subfield>
    <subfield code="x">icon-720</subfield>
    <subfield code="z">CDSINTERNAL|MediaArchive|Migrated from: http://mediaarchive.cern.ch/MediaArchive/Photo/Public/2010/1010234/1010234_06/1010234_06-A5-at-72-dpi.jpg</subfield>
  </datafield>
  <datafield tag="856" ind1="4" ind2=" ">
    <subfield code="8">2600193</subfield>
    <subfield code="s">12135</subfield>
    <subfield code="u">http://cds.cern.ch/record/1297970/files/1010234_08.jpg?subformat=icon-180</subfield>
    <subfield code="x">icon-180</subfield>
    <subfield code="z">CDSINTERNAL|MediaArchive|Migrated from: http://mediaarchive.cern.ch/MediaArchive/Photo/Public/2010/1010234/1010234_08/1010234_08-Icon.jpg</subfield>
  </datafield>
  <datafield tag="856" ind1="4" ind2=" ">
    <subfield code="8">2600193</subfield>
    <subfield code="s">370580</subfield>
    <subfield code="u">http://cds.cern.ch/record/1297970/files/1010234_08.jpg?subformat=icon-1440</subfield>
    <subfield code="x">icon-1440</subfield>
    <subfield code="z">CDSINTERNAL|MediaArchive|Migrated from: http://mediaarchive.cern.ch/MediaArchive/Photo/Public/2010/1010234/1010234_08/1010234_08-A4-at-144-dpi.jpg</subfield>
  </datafield>
  <datafield tag="856" ind1="4" ind2=" ">
    <subfield code="8">2600193</subfield>
    <subfield code="s">71563</subfield>
    <subfield code="u">http://cds.cern.ch/record/1297970/files/1010234_08.jpg?subformat=icon-720</subfield>
    <subfield code="x">icon-720</subfield>
    <subfield code="z">CDSINTERNAL|MediaArchive|Migrated from: http://mediaarchive.cern.ch/MediaArchive/Photo/Public/2010/1010234/1010234_08/1010234_08-A5-at-72-dpi.jpg</subfield>
  </datafield>
  <datafield tag="856" ind1="4" ind2=" ">
    <subfield code="8">2600194</subfield>
    <subfield code="s">11249</subfield>
    <subfield code="u">http://cds.cern.ch/record/1297970/files/1010234_10.jpg?subformat=icon-180</subfield>
    <subfield code="x">icon-180</subfield>
    <subfield code="z">CDSINTERNAL|MediaArchive|Migrated from: http://mediaarchive.cern.ch/MediaArchive/Photo/Public/2010/1010234/1010234_10/1010234_10-Icon.jpg</subfield>
  </datafield>
  <datafield tag="856" ind1="4" ind2=" ">
    <subfield code="8">2600194</subfield>
    <subfield code="s">400679</subfield>
    <subfield code="u">http://cds.cern.ch/record/1297970/files/1010234_10.jpg?subformat=icon-1440</subfield>
    <subfield code="x">icon-1440</subfield>
    <subfield code="z">CDSINTERNAL|MediaArchive|Migrated from: http://mediaarchive.cern.ch/MediaArchive/Photo/Public/2010/1010234/1010234_10/1010234_10-A4-at-144-dpi.jpg</subfield>
  </datafield>
  <datafield tag="856" ind1="4" ind2=" ">
    <subfield code="8">2600194</subfield>
    <subfield code="s">66724</subfield>
    <subfield code="u">http://cds.cern.ch/record/1297970/files/1010234_10.jpg?subformat=icon-720</subfield>
    <subfield code="x">icon-720</subfield>
    <subfield code="z">CDSINTERNAL|MediaArchive|Migrated from: http://mediaarchive.cern.ch/MediaArchive/Photo/Public/2010/1010234/1010234_10/1010234_10-A5-at-72-dpi.jpg</subfield>
  </datafield>
  <datafield tag="856" ind1="4" ind2=" ">
    <subfield code="8">2600195</subfield>
    <subfield code="s">11950</subfield>
    <subfield code="u">http://cds.cern.ch/record/1297970/files/1010234_09.jpg?subformat=icon-180</subfield>
    <subfield code="x">icon-180</subfield>
    <subfield code="z">CDSINTERNAL|MediaArchive|Migrated from: http://mediaarchive.cern.ch/MediaArchive/Photo/Public/2010/1010234/1010234_09/1010234_09-Icon.jpg</subfield>
  </datafield>
  <datafield tag="856" ind1="4" ind2=" ">
    <subfield code="8">2600195</subfield>
    <subfield code="s">450262</subfield>
    <subfield code="u">http://cds.cern.ch/record/1297970/files/1010234_09.jpg?subformat=icon-1440</subfield>
    <subfield code="x">icon-1440</subfield>
    <subfield code="z">CDSINTERNAL|MediaArchive|Migrated from: http://mediaarchive.cern.ch/MediaArchive/Photo/Public/2010/1010234/1010234_09/1010234_09-A4-at-144-dpi.jpg</subfield>
  </datafield>
  <datafield tag="856" ind1="4" ind2=" ">
    <subfield code="8">2600195</subfield>
    <subfield code="s">78722</subfield>
    <subfield code="u">http://cds.cern.ch/record/1297970/files/1010234_09.jpg?subformat=icon-720</subfield>
    <subfield code="x">icon-720</subfield>
    <subfield code="z">CDSINTERNAL|MediaArchive|Migrated from: http://mediaarchive.cern.ch/MediaArchive/Photo/Public/2010/1010234/1010234_09/1010234_09-A5-at-72-dpi.jpg</subfield>
  </datafield>
  <datafield tag="856" ind1="4" ind2=" ">
    <subfield code="8">2600196</subfield>
    <subfield code="s">11764</subfield>
    <subfield code="u">http://cds.cern.ch/record/1297970/files/1010234_07.jpg?subformat=icon-180</subfield>
    <subfield code="x">icon-180</subfield>
    <subfield code="z">CDSINTERNAL|MediaArchive|Migrated from: http://mediaarchive.cern.ch/MediaArchive/Photo/Public/2010/1010234/1010234_07/1010234_07-Icon.jpg</subfield>
  </datafield>
  <datafield tag="856" ind1="4" ind2=" ">
    <subfield code="8">2600196</subfield>
    <subfield code="s">457536</subfield>
    <subfield code="u">http://cds.cern.ch/record/1297970/files/1010234_07.jpg?subformat=icon-1440</subfield>
    <subfield code="x">icon-1440</subfield>
    <subfield code="z">CDSINTERNAL|MediaArchive|Migrated from: http://mediaarchive.cern.ch/MediaArchive/Photo/Public/2010/1010234/1010234_07/1010234_07-A4-at-144-dpi.jpg</subfield>
  </datafield>
  <datafield tag="856" ind1="4" ind2=" ">
    <subfield code="8">2600196</subfield>
    <subfield code="s">79607</subfield>
    <subfield code="u">http://cds.cern.ch/record/1297970/files/1010234_07.jpg?subformat=icon-720</subfield>
    <subfield code="x">icon-720</subfield>
    <subfield code="z">CDSINTERNAL|MediaArchive|Migrated from: http://mediaarchive.cern.ch/MediaArchive/Photo/Public/2010/1010234/1010234_07/1010234_07-A5-at-72-dpi.jpg</subfield>
  </datafield>
  <datafield tag="856" ind1="4" ind2=" ">
    <subfield code="8">2600197</subfield>
    <subfield code="s">12443</subfield>
    <subfield code="u">http://cds.cern.ch/record/1297970/files/1010234_05.jpg?subformat=icon-180</subfield>
    <subfield code="x">icon-180</subfield>
    <subfield code="z">CDSINTERNAL|MediaArchive|Migrated from: http://mediaarchive.cern.ch/MediaArchive/Photo/Public/2010/1010234/1010234_05/1010234_05-Icon.jpg</subfield>
  </datafield>
  <datafield tag="856" ind1="4" ind2=" ">
    <subfield code="8">2600197</subfield>
    <subfield code="s">438359</subfield>
    <subfield code="u">http://cds.cern.ch/record/1297970/files/1010234_05.jpg?subformat=icon-1440</subfield>
    <subfield code="x">icon-1440</subfield>
    <subfield code="z">CDSINTERNAL|MediaArchive|Migrated from: http://mediaarchive.cern.ch/MediaArchive/Photo/Public/2010/1010234/1010234_05/1010234_05-A4-at-144-dpi.jpg</subfield>
  </datafield>
  <datafield tag="856" ind1="4" ind2=" ">
    <subfield code="8">2600197</subfield>
    <subfield code="s">80382</subfield>
    <subfield code="u">http://cds.cern.ch/record/1297970/files/1010234_05.jpg?subformat=icon-720</subfield>
    <subfield code="x">icon-720</subfield>
    <subfield code="z">CDSINTERNAL|MediaArchive|Migrated from: http://mediaarchive.cern.ch/MediaArchive/Photo/Public/2010/1010234/1010234_05/1010234_05-A5-at-72-dpi.jpg</subfield>
  </datafield>
  <datafield tag="856" ind1="4" ind2=" ">
    <subfield code="8">2600198</subfield>
    <subfield code="s">13145</subfield>
    <subfield code="u">http://cds.cern.ch/record/1297970/files/1010234_11.jpg?subformat=icon-180</subfield>
    <subfield code="x">icon-180</subfield>
    <subfield code="z">CDSINTERNAL|MediaArchive|Migrated from: http://mediaarchive.cern.ch/MediaArchive/Photo/Public/2010/1010234/1010234_11/1010234_11-Icon.jpg</subfield>
  </datafield>
  <datafield tag="856" ind1="4" ind2=" ">
    <subfield code="8">2600198</subfield>
    <subfield code="s">460606</subfield>
    <subfield code="u">http://cds.cern.ch/record/1297970/files/1010234_11.jpg?subformat=icon-1440</subfield>
    <subfield code="x">icon-1440</subfield>
    <subfield code="z">CDSINTERNAL|MediaArchive|Migrated from: http://mediaarchive.cern.ch/MediaArchive/Photo/Public/2010/1010234/1010234_11/1010234_11-A4-at-144-dpi.jpg</subfield>
  </datafield>
  <datafield tag="856" ind1="4" ind2=" ">
    <subfield code="8">2600198</subfield>
    <subfield code="s">81249</subfield>
    <subfield code="u">http://cds.cern.ch/record/1297970/files/1010234_11.jpg?subformat=icon-720</subfield>
    <subfield code="x">icon-720</subfield>
    <subfield code="z">CDSINTERNAL|MediaArchive|Migrated from: http://mediaarchive.cern.ch/MediaArchive/Photo/Public/2010/1010234/1010234_11/1010234_11-A5-at-72-dpi.jpg</subfield>
  </datafield>
  <datafield tag="856" ind1="4" ind2=" ">
    <subfield code="8">2600199</subfield>
    <subfield code="s">12308</subfield>
    <subfield code="u">http://cds.cern.ch/record/1297970/files/1010234_12.jpg?subformat=icon-180</subfield>
    <subfield code="x">icon-180</subfield>
    <subfield code="z">CDSINTERNAL|MediaArchive|Migrated from: http://mediaarchive.cern.ch/MediaArchive/Photo/Public/2010/1010234/1010234_12/1010234_12-Icon.jpg</subfield>
  </datafield>
  <datafield tag="856" ind1="4" ind2=" ">
    <subfield code="8">2600199</subfield>
    <subfield code="s">432397</subfield>
    <subfield code="u">http://cds.cern.ch/record/1297970/files/1010234_12.jpg?subformat=icon-1440</subfield>
    <subfield code="x">icon-1440</subfield>
    <subfield code="z">CDSINTERNAL|MediaArchive|Migrated from: http://mediaarchive.cern.ch/MediaArchive/Photo/Public/2010/1010234/1010234_12/1010234_12-A4-at-144-dpi.jpg</subfield>
  </datafield>
  <datafield tag="856" ind1="4" ind2=" ">
    <subfield code="8">2600199</subfield>
    <subfield code="s">77408</subfield>
    <subfield code="u">http://cds.cern.ch/record/1297970/files/1010234_12.jpg?subformat=icon-720</subfield>
    <subfield code="x">icon-720</subfield>
    <subfield code="z">CDSINTERNAL|MediaArchive|Migrated from: http://mediaarchive.cern.ch/MediaArchive/Photo/Public/2010/1010234/1010234_12/1010234_12-A5-at-72-dpi.jpg</subfield>
  </datafield>
  <datafield tag="856" ind1="4" ind2=" ">
    <subfield code="8">2600200</subfield>
    <subfield code="s">13906</subfield>
    <subfield code="u">http://cds.cern.ch/record/1297970/files/1010234_13.jpg?subformat=icon-180</subfield>
    <subfield code="x">icon-180</subfield>
    <subfield code="z">CDSINTERNAL|MediaArchive|Migrated from: http://mediaarchive.cern.ch/MediaArchive/Photo/Public/2010/1010234/1010234_13/1010234_13-Icon.jpg</subfield>
  </datafield>
  <datafield tag="856" ind1="4" ind2=" ">
    <subfield code="8">2600200</subfield>
    <subfield code="s">446337</subfield>
    <subfield code="u">http://cds.cern.ch/record/1297970/files/1010234_13.jpg?subformat=icon-1440</subfield>
    <subfield code="x">icon-1440</subfield>
    <subfield code="z">CDSINTERNAL|MediaArchive|Migrated from: http://mediaarchive.cern.ch/MediaArchive/Photo/Public/2010/1010234/1010234_13/1010234_13-A4-at-144-dpi.jpg</subfield>
  </datafield>
  <datafield tag="856" ind1="4" ind2=" ">
    <subfield code="8">2600200</subfield>
    <subfield code="s">75666</subfield>
    <subfield code="u">http://cds.cern.ch/record/1297970/files/1010234_13.jpg?subformat=icon-720</subfield>
    <subfield code="x">icon-720</subfield>
    <subfield code="z">CDSINTERNAL|MediaArchive|Migrated from: http://mediaarchive.cern.ch/MediaArchive/Photo/Public/2010/1010234/1010234_13/1010234_13-A5-at-72-dpi.jpg</subfield>
  </datafield>
  <datafield tag="037" ind1=" " ind2=" ">
    <subfield code="a">CERN-EX-1010234</subfield>
  </datafield>
  <datafield tag="041" ind1=" " ind2=" ">
    <subfield code="a">eng</subfield>
  </datafield>
  <datafield tag="100" ind1=" " ind2=" ">
    <subfield code="a">Claudia Marcelloni, Michael Barnett</subfield>
  </datafield>
  <datafield tag="245" ind1=" " ind2=" ">
    <subfield code="a">Dedication of the massive ATLAS art mural painted by Josef Kristofoletti directly above the cavern of the ATLAS Experiment at CERN</subfield>
  </datafield>
  <datafield tag="269" ind1=" " ind2=" ">
    <subfield code="c">06 Oct 2010</subfield>
  </datafield>
  <datafield tag="340" ind1=" " ind2=" ">
    <subfield code="a">DIGITAL</subfield>
  </datafield>
  <datafield tag="520" ind1=" " ind2=" ">
    <subfield code="a">Ceremony to celebrate the massive mural of the ATLAS detector at CERN painted by artist Josef Kristofoletti. The mural is located at the ATLAS Experiment site, and it shows on two perpendicular walls the detector with a collision event superimposed. The event on the large wall shows a simulation of an event that would be recorded in ATLAS if a Higgs boson was produced.  The cavern of the ATLAS Experiment with the detector is 100 meters directly below the mural.   The height of the mural is about 12 meters (40 feet).  The actual ATLAS detector is more than twice as big.</subfield>
  </datafield>
  <datafield tag="542" ind1=" " ind2=" ">
    <subfield code="d">CERN</subfield>
    <subfield code="f">ATLAS Experiment © 2010 CERN</subfield>
    <subfield code="g">2010</subfield>
  </datafield>
  <datafield tag="859" ind1=" " ind2=" ">
    <subfield code="f">claudia.marcelloni@cern.ch</subfield>
  </datafield>
  <datafield tag="903" ind1=" " ind2=" ">
    <subfield code="s">public</subfield>
  </datafield>
  <datafield tag="260" ind1=" " ind2=" ">
    <subfield code="c">2010</subfield>
  </datafield>
  <datafield tag="923" ind1=" " ind2=" ">
    <subfield code="r">m. barnett &lt;michael.barnett@cern.ch></subfield>
  </datafield>
  <datafield tag="924" ind1=" " ind2=" ">
    <subfield code="b">01</subfield>
  </datafield>
</record>
<record>
  <controlfield tag="001">1294068</controlfield>
  <controlfield tag="005">20241120162722.0</controlfield>
  <datafield tag="024" ind1="8" ind2=" ">
    <subfield code="a">oai:cds.cern.ch:1294068</subfield>
    <subfield code="p">cerncds:FULLTEXT</subfield>
  </datafield>
  <datafield tag="960" ind1=" " ind2=" ">
    <subfield code="a">81</subfield>
  </datafield>
  <datafield tag="963" ind1=" " ind2=" ">
    <subfield code="a">PUBLIC</subfield>
  </datafield>
  <datafield tag="980" ind1=" " ind2=" ">
    <subfield code="a">PHOTOLAB</subfield>
  </datafield>
  <datafield tag="595" ind1=" " ind2=" ">
    <subfield code="a">CERN EDS</subfield>
  </datafield>
  <datafield tag="650" ind1="1" ind2="7">
    <subfield code="2">SzGeCERN</subfield>
    <subfield code="a">Life at CERN</subfield>
  </datafield>
  <datafield tag="653" ind1="2" ind2=" ">
    <subfield code="a">ATLAS, Outreach, Masterclass</subfield>
    <subfield code="9">CERN</subfield>
  </datafield>
  <datafield tag="653" ind1="1" ind2=" ">
    <subfield code="a">ATLAS</subfield>
    <subfield code="9">CERN</subfield>
  </datafield>
  <datafield tag="653" ind1="1" ind2=" ">
    <subfield code="a">Researchers</subfield>
    <subfield code="9">CERN</subfield>
  </datafield>
  <datafield tag="653" ind1="1" ind2=" ">
    <subfield code="a">night</subfield>
    <subfield code="9">CERN</subfield>
  </datafield>
  <datafield tag="653" ind1="1" ind2=" ">
    <subfield code="a">visits</subfield>
    <subfield code="9">CERN</subfield>
  </datafield>
  <datafield tag="653" ind1="1" ind2=" ">
    <subfield code="a">Outreach</subfield>
    <subfield code="9">CERN</subfield>
  </datafield>
  <datafield tag="653" ind1="1" ind2=" ">
    <subfield code="a">Point 1 Site</subfield>
    <subfield code="9">CERN</subfield>
  </datafield>
  <datafield tag="653" ind1="1" ind2=" ">
    <subfield code="a">Control Room</subfield>
    <subfield code="9">CERN</subfield>
  </datafield>
  <datafield tag="653" ind1="1" ind2=" ">
    <subfield code="a">Collaboration</subfield>
    <subfield code="9">CERN</subfield>
  </datafield>
  <datafield tag="653" ind1="1" ind2=" ">
    <subfield code="a">Students</subfield>
    <subfield code="9">CERN</subfield>
  </datafield>
  <datafield tag="856" ind1="7" ind2=" ">
    <subfield code="8">49</subfield>
    <subfield code="2">MediaArchive</subfield>
    <subfield code="d">\\cern.ch\dfs\Services\MediaArchive\Photo\Masters\2010\1010220\1010220_49.jpg</subfield>
    <subfield code="x">Absolute master path</subfield>
  </datafield>
  <datafield tag="856" ind1="7" ind2=" ">
    <subfield code="8">50</subfield>
    <subfield code="2">MediaArchive</subfield>
    <subfield code="d">\\cern.ch\dfs\Services\MediaArchive\Photo\Masters\2010\1010220\1010220_50.jpg</subfield>
    <subfield code="x">Absolute master path</subfield>
  </datafield>
  <datafield tag="856" ind1="4" ind2=" ">
    <subfield code="8">2599703</subfield>
    <subfield code="s">12169952</subfield>
    <subfield code="u">http://cds.cern.ch/record/1294068/files/1010220_01.jpg</subfield>
    <subfield code="z">CDSINTERNAL|MediaArchive|Migrated from: \\cern.ch\dfs\Services\MediaArchive\Photo\Masters\2010\1010220\1010220_01.jpg</subfield>
  </datafield>
  <datafield tag="856" ind1="4" ind2=" ">
    <subfield code="8">2599704</subfield>
    <subfield code="s">12878039</subfield>
    <subfield code="u">http://cds.cern.ch/record/1294068/files/1010220_02.jpg</subfield>
    <subfield code="z">CDSINTERNAL|MediaArchive|Migrated from: \\cern.ch\dfs\Services\MediaArchive\Photo\Masters\2010\1010220\1010220_02.jpg</subfield>
  </datafield>
  <datafield tag="856" ind1="4" ind2=" ">
    <subfield code="8">2599705</subfield>
    <subfield code="s">13321651</subfield>
    <subfield code="u">http://cds.cern.ch/record/1294068/files/1010220_10.jpg</subfield>
    <subfield code="z">CDSINTERNAL|MediaArchive|Migrated from: \\cern.ch\dfs\Services\MediaArchive\Photo\Masters\2010\1010220\1010220_10.jpg</subfield>
  </datafield>
  <datafield tag="856" ind1="4" ind2=" ">
    <subfield code="8">2599706</subfield>
    <subfield code="s">12881498</subfield>
    <subfield code="u">http://cds.cern.ch/record/1294068/files/1010220_11.jpg</subfield>
    <subfield code="z">CDSINTERNAL|MediaArchive|Migrated from: \\cern.ch\dfs\Services\MediaArchive\Photo\Masters\2010\1010220\1010220_11.jpg</subfield>
  </datafield>
  <datafield tag="856" ind1="4" ind2=" ">
    <subfield code="8">2599707</subfield>
    <subfield code="s">12594643</subfield>
    <subfield code="u">http://cds.cern.ch/record/1294068/files/1010220_09.jpg</subfield>
    <subfield code="z">CDSINTERNAL|MediaArchive|Migrated from: \\cern.ch\dfs\Services\MediaArchive\Photo\Masters\2010\1010220\1010220_09.jpg</subfield>
  </datafield>
  <datafield tag="856" ind1="4" ind2=" ">
    <subfield code="8">2599708</subfield>
    <subfield code="s">12846313</subfield>
    <subfield code="u">http://cds.cern.ch/record/1294068/files/1010220_08.jpg</subfield>
    <subfield code="z">CDSINTERNAL|MediaArchive|Migrated from: \\cern.ch\dfs\Services\MediaArchive\Photo\Masters\2010\1010220\1010220_08.jpg</subfield>
  </datafield>
  <datafield tag="856" ind1="4" ind2=" ">
    <subfield code="8">2599709</subfield>
    <subfield code="s">13056445</subfield>
    <subfield code="u">http://cds.cern.ch/record/1294068/files/1010220_07.jpg</subfield>
    <subfield code="z">CDSINTERNAL|MediaArchive|Migrated from: \\cern.ch\dfs\Services\MediaArchive\Photo\Masters\2010\1010220\1010220_07.jpg</subfield>
  </datafield>
  <datafield tag="856" ind1="4" ind2=" ">
    <subfield code="8">2599710</subfield>
    <subfield code="s">11237388</subfield>
    <subfield code="u">http://cds.cern.ch/record/1294068/files/1010220_06.jpg</subfield>
    <subfield code="z">CDSINTERNAL|MediaArchive|Migrated from: \\cern.ch\dfs\Services\MediaArchive\Photo\Masters\2010\1010220\1010220_06.jpg</subfield>
  </datafield>
  <datafield tag="856" ind1="4" ind2=" ">
    <subfield code="8">2599711</subfield>
    <subfield code="s">12399659</subfield>
    <subfield code="u">http://cds.cern.ch/record/1294068/files/1010220_05.jpg</subfield>
    <subfield code="z">CDSINTERNAL|MediaArchive|Migrated from: \\cern.ch\dfs\Services\MediaArchive\Photo\Masters\2010\1010220\1010220_05.jpg</subfield>
  </datafield>
  <datafield tag="856" ind1="4" ind2=" ">
    <subfield code="8">2599712</subfield>
    <subfield code="s">13534814</subfield>
    <subfield code="u">http://cds.cern.ch/record/1294068/files/1010220_04.jpg</subfield>
    <subfield code="z">CDSINTERNAL|MediaArchive|Migrated from: \\cern.ch\dfs\Services\MediaArchive\Photo\Masters\2010\1010220\1010220_04.jpg</subfield>
  </datafield>
  <datafield tag="856" ind1="4" ind2=" ">
    <subfield code="8">2599713</subfield>
    <subfield code="s">12755341</subfield>
    <subfield code="u">http://cds.cern.ch/record/1294068/files/1010220_03.jpg</subfield>
    <subfield code="z">CDSINTERNAL|MediaArchive|Migrated from: \\cern.ch\dfs\Services\MediaArchive\Photo\Masters\2010\1010220\1010220_03.jpg</subfield>
  </datafield>
  <datafield tag="856" ind1="4" ind2=" ">
    <subfield code="8">2599714</subfield>
    <subfield code="s">11953442</subfield>
    <subfield code="u">http://cds.cern.ch/record/1294068/files/1010220_12.jpg</subfield>
    <subfield code="z">CDSINTERNAL|MediaArchive|Migrated from: \\cern.ch\dfs\Services\MediaArchive\Photo\Masters\2010\1010220\1010220_12.jpg</subfield>
  </datafield>
  <datafield tag="856" ind1="4" ind2=" ">
    <subfield code="8">2599715</subfield>
    <subfield code="s">12815309</subfield>
    <subfield code="u">http://cds.cern.ch/record/1294068/files/1010220_15.jpg</subfield>
    <subfield code="z">CDSINTERNAL|MediaArchive|Migrated from: \\cern.ch\dfs\Services\MediaArchive\Photo\Masters\2010\1010220\1010220_15.jpg</subfield>
  </datafield>
  <datafield tag="856" ind1="4" ind2=" ">
    <subfield code="8">2599716</subfield>
    <subfield code="s">15222499</subfield>
    <subfield code="u">http://cds.cern.ch/record/1294068/files/1010220_16.jpg</subfield>
    <subfield code="z">CDSINTERNAL|MediaArchive|Migrated from: \\cern.ch\dfs\Services\MediaArchive\Photo\Masters\2010\1010220\1010220_16.jpg</subfield>
  </datafield>
  <datafield tag="856" ind1="4" ind2=" ">
    <subfield code="8">2599717</subfield>
    <subfield code="s">14626429</subfield>
    <subfield code="u">http://cds.cern.ch/record/1294068/files/1010220_18.jpg</subfield>
    <subfield code="z">CDSINTERNAL|MediaArchive|Migrated from: \\cern.ch\dfs\Services\MediaArchive\Photo\Masters\2010\1010220\1010220_18.jpg</subfield>
  </datafield>
  <datafield tag="856" ind1="4" ind2=" ">
    <subfield code="8">2599718</subfield>
    <subfield code="s">13504020</subfield>
    <subfield code="u">http://cds.cern.ch/record/1294068/files/1010220_20.jpg</subfield>
    <subfield code="z">CDSINTERNAL|MediaArchive|Migrated from: \\cern.ch\dfs\Services\MediaArchive\Photo\Masters\2010\1010220\1010220_20.jpg</subfield>
  </datafield>
  <datafield tag="856" ind1="4" ind2=" ">
    <subfield code="8">2599719</subfield>
    <subfield code="s">13450659</subfield>
    <subfield code="u">http://cds.cern.ch/record/1294068/files/1010220_22.jpg</subfield>
    <subfield code="z">CDSINTERNAL|MediaArchive|Migrated from: \\cern.ch\dfs\Services\MediaArchive\Photo\Masters\2010\1010220\1010220_22.jpg</subfield>
  </datafield>
  <datafield tag="856" ind1="4" ind2=" ">
    <subfield code="8">2599720</subfield>
    <subfield code="s">11669392</subfield>
    <subfield code="u">http://cds.cern.ch/record/1294068/files/1010220_21.jpg</subfield>
    <subfield code="z">CDSINTERNAL|MediaArchive|Migrated from: \\cern.ch\dfs\Services\MediaArchive\Photo\Masters\2010\1010220\1010220_21.jpg</subfield>
  </datafield>
  <datafield tag="856" ind1="4" ind2=" ">
    <subfield code="8">2599721</subfield>
    <subfield code="s">14316480</subfield>
    <subfield code="u">http://cds.cern.ch/record/1294068/files/1010220_19.jpg</subfield>
    <subfield code="z">CDSINTERNAL|MediaArchive|Migrated from: \\cern.ch\dfs\Services\MediaArchive\Photo\Masters\2010\1010220\1010220_19.jpg</subfield>
  </datafield>
  <datafield tag="856" ind1="4" ind2=" ">
    <subfield code="8">2599722</subfield>
    <subfield code="s">15080747</subfield>
    <subfield code="u">http://cds.cern.ch/record/1294068/files/1010220_17.jpg</subfield>
    <subfield code="z">CDSINTERNAL|MediaArchive|Migrated from: \\cern.ch\dfs\Services\MediaArchive\Photo\Masters\2010\1010220\1010220_17.jpg</subfield>
  </datafield>
  <datafield tag="856" ind1="4" ind2=" ">
    <subfield code="8">2599723</subfield>
    <subfield code="s">12253962</subfield>
    <subfield code="u">http://cds.cern.ch/record/1294068/files/1010220_13.jpg</subfield>
    <subfield code="z">CDSINTERNAL|MediaArchive|Migrated from: \\cern.ch\dfs\Services\MediaArchive\Photo\Masters\2010\1010220\1010220_13.jpg</subfield>
  </datafield>
  <datafield tag="856" ind1="4" ind2=" ">
    <subfield code="8">2599724</subfield>
    <subfield code="s">14016253</subfield>
    <subfield code="u">http://cds.cern.ch/record/1294068/files/1010220_14.jpg</subfield>
    <subfield code="z">CDSINTERNAL|MediaArchive|Migrated from: \\cern.ch\dfs\Services\MediaArchive\Photo\Masters\2010\1010220\1010220_14.jpg</subfield>
  </datafield>
  <datafield tag="856" ind1="4" ind2=" ">
    <subfield code="8">2599725</subfield>
    <subfield code="s">14813993</subfield>
    <subfield code="u">http://cds.cern.ch/record/1294068/files/1010220_23.jpg</subfield>
    <subfield code="z">CDSINTERNAL|MediaArchive|Migrated from: \\cern.ch\dfs\Services\MediaArchive\Photo\Masters\2010\1010220\1010220_23.jpg</subfield>
  </datafield>
  <datafield tag="856" ind1="4" ind2=" ">
    <subfield code="8">2599726</subfield>
    <subfield code="s">11868856</subfield>
    <subfield code="u">http://cds.cern.ch/record/1294068/files/1010220_24.jpg</subfield>
    <subfield code="z">CDSINTERNAL|MediaArchive|Migrated from: \\cern.ch\dfs\Services\MediaArchive\Photo\Masters\2010\1010220\1010220_24.jpg</subfield>
  </datafield>
  <datafield tag="856" ind1="4" ind2=" ">
    <subfield code="8">2599727</subfield>
    <subfield code="s">12312044</subfield>
    <subfield code="u">http://cds.cern.ch/record/1294068/files/1010220_26.jpg</subfield>
    <subfield code="z">CDSINTERNAL|MediaArchive|Migrated from: \\cern.ch\dfs\Services\MediaArchive\Photo\Masters\2010\1010220\1010220_26.jpg</subfield>
  </datafield>
  <datafield tag="856" ind1="4" ind2=" ">
    <subfield code="8">2599728</subfield>
    <subfield code="s">13294989</subfield>
    <subfield code="u">http://cds.cern.ch/record/1294068/files/1010220_28.jpg</subfield>
    <subfield code="z">CDSINTERNAL|MediaArchive|Migrated from: \\cern.ch\dfs\Services\MediaArchive\Photo\Masters\2010\1010220\1010220_28.jpg</subfield>
  </datafield>
  <datafield tag="856" ind1="4" ind2=" ">
    <subfield code="8">2599729</subfield>
    <subfield code="s">13400855</subfield>
    <subfield code="u">http://cds.cern.ch/record/1294068/files/1010220_30.jpg</subfield>
    <subfield code="z">CDSINTERNAL|MediaArchive|Migrated from: \\cern.ch\dfs\Services\MediaArchive\Photo\Masters\2010\1010220\1010220_30.jpg</subfield>
  </datafield>
  <datafield tag="856" ind1="4" ind2=" ">
    <subfield code="8">2599730</subfield>
    <subfield code="s">13012353</subfield>
    <subfield code="u">http://cds.cern.ch/record/1294068/files/1010220_35.jpg</subfield>
    <subfield code="z">CDSINTERNAL|MediaArchive|Migrated from: \\cern.ch\dfs\Services\MediaArchive\Photo\Masters\2010\1010220\1010220_35.jpg</subfield>
  </datafield>
  <datafield tag="856" ind1="4" ind2=" ">
    <subfield code="8">2599731</subfield>
    <subfield code="s">13967335</subfield>
    <subfield code="u">http://cds.cern.ch/record/1294068/files/1010220_34.jpg</subfield>
    <subfield code="z">CDSINTERNAL|MediaArchive|Migrated from: \\cern.ch\dfs\Services\MediaArchive\Photo\Masters\2010\1010220\1010220_34.jpg</subfield>
  </datafield>
  <datafield tag="856" ind1="4" ind2=" ">
    <subfield code="8">2599732</subfield>
    <subfield code="s">12786945</subfield>
    <subfield code="u">http://cds.cern.ch/record/1294068/files/1010220_33.jpg</subfield>
    <subfield code="z">CDSINTERNAL|MediaArchive|Migrated from: \\cern.ch\dfs\Services\MediaArchive\Photo\Masters\2010\1010220\1010220_33.jpg</subfield>
  </datafield>
  <datafield tag="856" ind1="4" ind2=" ">
    <subfield code="8">2599733</subfield>
    <subfield code="s">14526829</subfield>
    <subfield code="u">http://cds.cern.ch/record/1294068/files/1010220_32.jpg</subfield>
    <subfield code="z">CDSINTERNAL|MediaArchive|Migrated from: \\cern.ch\dfs\Services\MediaArchive\Photo\Masters\2010\1010220\1010220_32.jpg</subfield>
  </datafield>
  <datafield tag="856" ind1="4" ind2=" ">
    <subfield code="8">2599734</subfield>
    <subfield code="s">12970343</subfield>
    <subfield code="u">http://cds.cern.ch/record/1294068/files/1010220_31.jpg</subfield>
    <subfield code="z">CDSINTERNAL|MediaArchive|Migrated from: \\cern.ch\dfs\Services\MediaArchive\Photo\Masters\2010\1010220\1010220_31.jpg</subfield>
  </datafield>
  <datafield tag="856" ind1="4" ind2=" ">
    <subfield code="8">2599735</subfield>
    <subfield code="s">12706809</subfield>
    <subfield code="u">http://cds.cern.ch/record/1294068/files/1010220_29.jpg</subfield>
    <subfield code="z">CDSINTERNAL|MediaArchive|Migrated from: \\cern.ch\dfs\Services\MediaArchive\Photo\Masters\2010\1010220\1010220_29.jpg</subfield>
  </datafield>
  <datafield tag="856" ind1="4" ind2=" ">
    <subfield code="8">2599736</subfield>
    <subfield code="s">12921561</subfield>
    <subfield code="u">http://cds.cern.ch/record/1294068/files/1010220_27.jpg</subfield>
    <subfield code="z">CDSINTERNAL|MediaArchive|Migrated from: \\cern.ch\dfs\Services\MediaArchive\Photo\Masters\2010\1010220\1010220_27.jpg</subfield>
  </datafield>
  <datafield tag="856" ind1="4" ind2=" ">
    <subfield code="8">2599737</subfield>
    <subfield code="s">11233237</subfield>
    <subfield code="u">http://cds.cern.ch/record/1294068/files/1010220_25.jpg</subfield>
    <subfield code="z">CDSINTERNAL|MediaArchive|Migrated from: \\cern.ch\dfs\Services\MediaArchive\Photo\Masters\2010\1010220\1010220_25.jpg</subfield>
  </datafield>
  <datafield tag="856" ind1="4" ind2=" ">
    <subfield code="8">2599738</subfield>
    <subfield code="s">13594766</subfield>
    <subfield code="u">http://cds.cern.ch/record/1294068/files/1010220_41.jpg</subfield>
    <subfield code="z">CDSINTERNAL|MediaArchive|Migrated from: \\cern.ch\dfs\Services\MediaArchive\Photo\Masters\2010\1010220\1010220_41.jpg</subfield>
  </datafield>
  <datafield tag="856" ind1="4" ind2=" ">
    <subfield code="8">2599739</subfield>
    <subfield code="s">12296876</subfield>
    <subfield code="u">http://cds.cern.ch/record/1294068/files/1010220_40.jpg</subfield>
    <subfield code="z">CDSINTERNAL|MediaArchive|Migrated from: \\cern.ch\dfs\Services\MediaArchive\Photo\Masters\2010\1010220\1010220_40.jpg</subfield>
  </datafield>
  <datafield tag="856" ind1="4" ind2=" ">
    <subfield code="8">2599740</subfield>
    <subfield code="s">13888716</subfield>
    <subfield code="u">http://cds.cern.ch/record/1294068/files/1010220_39.jpg</subfield>
    <subfield code="z">CDSINTERNAL|MediaArchive|Migrated from: \\cern.ch\dfs\Services\MediaArchive\Photo\Masters\2010\1010220\1010220_39.jpg</subfield>
  </datafield>
  <datafield tag="856" ind1="4" ind2=" ">
    <subfield code="8">2599741</subfield>
    <subfield code="s">14110176</subfield>
    <subfield code="u">http://cds.cern.ch/record/1294068/files/1010220_38.jpg</subfield>
    <subfield code="z">CDSINTERNAL|MediaArchive|Migrated from: \\cern.ch\dfs\Services\MediaArchive\Photo\Masters\2010\1010220\1010220_38.jpg</subfield>
  </datafield>
  <datafield tag="856" ind1="4" ind2=" ">
    <subfield code="8">2599742</subfield>
    <subfield code="s">14589633</subfield>
    <subfield code="u">http://cds.cern.ch/record/1294068/files/1010220_37.jpg</subfield>
    <subfield code="z">CDSINTERNAL|MediaArchive|Migrated from: \\cern.ch\dfs\Services\MediaArchive\Photo\Masters\2010\1010220\1010220_37.jpg</subfield>
  </datafield>
  <datafield tag="856" ind1="4" ind2=" ">
    <subfield code="8">2599743</subfield>
    <subfield code="s">13345356</subfield>
    <subfield code="u">http://cds.cern.ch/record/1294068/files/1010220_36.jpg</subfield>
    <subfield code="z">CDSINTERNAL|MediaArchive|Migrated from: \\cern.ch\dfs\Services\MediaArchive\Photo\Masters\2010\1010220\1010220_36.jpg</subfield>
  </datafield>
  <datafield tag="856" ind1="4" ind2=" ">
    <subfield code="8">2599744</subfield>
    <subfield code="s">12209593</subfield>
    <subfield code="u">http://cds.cern.ch/record/1294068/files/1010220_43.jpg</subfield>
    <subfield code="z">CDSINTERNAL|MediaArchive|Migrated from: \\cern.ch\dfs\Services\MediaArchive\Photo\Masters\2010\1010220\1010220_43.jpg</subfield>
  </datafield>
  <datafield tag="856" ind1="4" ind2=" ">
    <subfield code="8">2599745</subfield>
    <subfield code="s">11977877</subfield>
    <subfield code="u">http://cds.cern.ch/record/1294068/files/1010220_42.jpg</subfield>
    <subfield code="z">CDSINTERNAL|MediaArchive|Migrated from: \\cern.ch\dfs\Services\MediaArchive\Photo\Masters\2010\1010220\1010220_42.jpg</subfield>
  </datafield>
  <datafield tag="856" ind1="4" ind2=" ">
    <subfield code="8">2599746</subfield>
    <subfield code="s">12925443</subfield>
    <subfield code="u">http://cds.cern.ch/record/1294068/files/1010220_44.jpg</subfield>
    <subfield code="z">CDSINTERNAL|MediaArchive|Migrated from: \\cern.ch\dfs\Services\MediaArchive\Photo\Masters\2010\1010220\1010220_44.jpg</subfield>
  </datafield>
  <datafield tag="856" ind1="4" ind2=" ">
    <subfield code="8">2599747</subfield>
    <subfield code="s">14889446</subfield>
    <subfield code="u">http://cds.cern.ch/record/1294068/files/1010220_47.jpg</subfield>
    <subfield code="z">CDSINTERNAL|MediaArchive|Migrated from: \\cern.ch\dfs\Services\MediaArchive\Photo\Masters\2010\1010220\1010220_47.jpg</subfield>
  </datafield>
  <datafield tag="856" ind1="4" ind2=" ">
    <subfield code="8">2599748</subfield>
    <subfield code="s">11688241</subfield>
    <subfield code="u">http://cds.cern.ch/record/1294068/files/1010220_45.jpg</subfield>
    <subfield code="z">CDSINTERNAL|MediaArchive|Migrated from: \\cern.ch\dfs\Services\MediaArchive\Photo\Masters\2010\1010220\1010220_45.jpg</subfield>
  </datafield>
  <datafield tag="856" ind1="4" ind2=" ">
    <subfield code="8">2599749</subfield>
    <subfield code="s">12915199</subfield>
    <subfield code="u">http://cds.cern.ch/record/1294068/files/1010220_46.jpg</subfield>
    <subfield code="z">CDSINTERNAL|MediaArchive|Migrated from: \\cern.ch\dfs\Services\MediaArchive\Photo\Masters\2010\1010220\1010220_46.jpg</subfield>
  </datafield>
  <datafield tag="856" ind1="4" ind2=" ">
    <subfield code="8">2599750</subfield>
    <subfield code="s">13432186</subfield>
    <subfield code="u">http://cds.cern.ch/record/1294068/files/1010220_48.jpg</subfield>
    <subfield code="z">CDSINTERNAL|MediaArchive|Migrated from: \\cern.ch\dfs\Services\MediaArchive\Photo\Masters\2010\1010220\1010220_48.jpg</subfield>
  </datafield>
  <datafield tag="856" ind1="4" ind2=" ">
    <subfield code="8">2599703</subfield>
    <subfield code="s">11009</subfield>
    <subfield code="u">http://cds.cern.ch/record/1294068/files/1010220_01.jpg?subformat=icon-180</subfield>
    <subfield code="x">icon-180</subfield>
    <subfield code="z">CDSINTERNAL|MediaArchive|Migrated from: http://mediaarchive.cern.ch/MediaArchive/Photo/Public/2010/1010220/1010220_01/1010220_01-Icon.jpg</subfield>
  </datafield>
  <datafield tag="856" ind1="4" ind2=" ">
    <subfield code="8">2599703</subfield>
    <subfield code="s">356398</subfield>
    <subfield code="u">http://cds.cern.ch/record/1294068/files/1010220_01.jpg?subformat=icon-1440</subfield>
    <subfield code="x">icon-1440</subfield>
    <subfield code="z">CDSINTERNAL|MediaArchive|Migrated from: http://mediaarchive.cern.ch/MediaArchive/Photo/Public/2010/1010220/1010220_01/1010220_01-A4-at-144-dpi.jpg</subfield>
  </datafield>
  <datafield tag="856" ind1="4" ind2=" ">
    <subfield code="8">2599703</subfield>
    <subfield code="s">62510</subfield>
    <subfield code="u">http://cds.cern.ch/record/1294068/files/1010220_01.jpg?subformat=icon-720</subfield>
    <subfield code="x">icon-720</subfield>
    <subfield code="z">CDSINTERNAL|MediaArchive|Migrated from: http://mediaarchive.cern.ch/MediaArchive/Photo/Public/2010/1010220/1010220_01/1010220_01-A5-at-72-dpi.jpg</subfield>
  </datafield>
  <datafield tag="856" ind1="4" ind2=" ">
    <subfield code="8">2599704</subfield>
    <subfield code="s">10639</subfield>
    <subfield code="u">http://cds.cern.ch/record/1294068/files/1010220_02.jpg?subformat=icon-180</subfield>
    <subfield code="x">icon-180</subfield>
    <subfield code="z">CDSINTERNAL|MediaArchive|Migrated from: http://mediaarchive.cern.ch/MediaArchive/Photo/Public/2010/1010220/1010220_02/1010220_02-Icon.jpg</subfield>
  </datafield>
  <datafield tag="856" ind1="4" ind2=" ">
    <subfield code="8">2599704</subfield>
    <subfield code="s">344835</subfield>
    <subfield code="u">http://cds.cern.ch/record/1294068/files/1010220_02.jpg?subformat=icon-1440</subfield>
    <subfield code="x">icon-1440</subfield>
    <subfield code="z">CDSINTERNAL|MediaArchive|Migrated from: http://mediaarchive.cern.ch/MediaArchive/Photo/Public/2010/1010220/1010220_02/1010220_02-A4-at-144-dpi.jpg</subfield>
  </datafield>
  <datafield tag="856" ind1="4" ind2=" ">
    <subfield code="8">2599704</subfield>
    <subfield code="s">58160</subfield>
    <subfield code="u">http://cds.cern.ch/record/1294068/files/1010220_02.jpg?subformat=icon-720</subfield>
    <subfield code="x">icon-720</subfield>
    <subfield code="z">CDSINTERNAL|MediaArchive|Migrated from: http://mediaarchive.cern.ch/MediaArchive/Photo/Public/2010/1010220/1010220_02/1010220_02-A5-at-72-dpi.jpg</subfield>
  </datafield>
  <datafield tag="856" ind1="4" ind2=" ">
    <subfield code="8">2599705</subfield>
    <subfield code="s">11477</subfield>
    <subfield code="u">http://cds.cern.ch/record/1294068/files/1010220_10.jpg?subformat=icon-180</subfield>
    <subfield code="x">icon-180</subfield>
    <subfield code="z">CDSINTERNAL|MediaArchive|Migrated from: http://mediaarchive.cern.ch/MediaArchive/Photo/Public/2010/1010220/1010220_10/1010220_10-Icon.jpg</subfield>
  </datafield>
  <datafield tag="856" ind1="4" ind2=" ">
    <subfield code="8">2599705</subfield>
    <subfield code="s">375257</subfield>
    <subfield code="u">http://cds.cern.ch/record/1294068/files/1010220_10.jpg?subformat=icon-1440</subfield>
    <subfield code="x">icon-1440</subfield>
    <subfield code="z">CDSINTERNAL|MediaArchive|Migrated from: http://mediaarchive.cern.ch/MediaArchive/Photo/Public/2010/1010220/1010220_10/1010220_10-A4-at-144-dpi.jpg</subfield>
  </datafield>
  <datafield tag="856" ind1="4" ind2=" ">
    <subfield code="8">2599705</subfield>
    <subfield code="s">64153</subfield>
    <subfield code="u">http://cds.cern.ch/record/1294068/files/1010220_10.jpg?subformat=icon-720</subfield>
    <subfield code="x">icon-720</subfield>
    <subfield code="z">CDSINTERNAL|MediaArchive|Migrated from: http://mediaarchive.cern.ch/MediaArchive/Photo/Public/2010/1010220/1010220_10/1010220_10-A5-at-72-dpi.jpg</subfield>
  </datafield>
  <datafield tag="856" ind1="4" ind2=" ">
    <subfield code="8">2599706</subfield>
    <subfield code="s">327308</subfield>
    <subfield code="u">http://cds.cern.ch/record/1294068/files/1010220_11.jpg?subformat=icon-1440</subfield>
    <subfield code="x">icon-1440</subfield>
    <subfield code="z">CDSINTERNAL|MediaArchive|Migrated from: http://mediaarchive.cern.ch/MediaArchive/Photo/Public/2010/1010220/1010220_11/1010220_11-A4-at-144-dpi.jpg</subfield>
  </datafield>
  <datafield tag="856" ind1="4" ind2=" ">
    <subfield code="8">2599706</subfield>
    <subfield code="s">55302</subfield>
    <subfield code="u">http://cds.cern.ch/record/1294068/files/1010220_11.jpg?subformat=icon-720</subfield>
    <subfield code="x">icon-720</subfield>
    <subfield code="z">CDSINTERNAL|MediaArchive|Migrated from: http://mediaarchive.cern.ch/MediaArchive/Photo/Public/2010/1010220/1010220_11/1010220_11-A5-at-72-dpi.jpg</subfield>
  </datafield>
  <datafield tag="856" ind1="4" ind2=" ">
    <subfield code="8">2599706</subfield>
    <subfield code="s">9817</subfield>
    <subfield code="u">http://cds.cern.ch/record/1294068/files/1010220_11.jpg?subformat=icon-180</subfield>
    <subfield code="x">icon-180</subfield>
    <subfield code="z">CDSINTERNAL|MediaArchive|Migrated from: http://mediaarchive.cern.ch/MediaArchive/Photo/Public/2010/1010220/1010220_11/1010220_11-Icon.jpg</subfield>
  </datafield>
  <datafield tag="856" ind1="4" ind2=" ">
    <subfield code="8">2599707</subfield>
    <subfield code="s">10866</subfield>
    <subfield code="u">http://cds.cern.ch/record/1294068/files/1010220_09.jpg?subformat=icon-180</subfield>
    <subfield code="x">icon-180</subfield>
    <subfield code="z">CDSINTERNAL|MediaArchive|Migrated from: http://mediaarchive.cern.ch/MediaArchive/Photo/Public/2010/1010220/1010220_09/1010220_09-Icon.jpg</subfield>
  </datafield>
  <datafield tag="856" ind1="4" ind2=" ">
    <subfield code="8">2599707</subfield>
    <subfield code="s">339881</subfield>
    <subfield code="u">http://cds.cern.ch/record/1294068/files/1010220_09.jpg?subformat=icon-1440</subfield>
    <subfield code="x">icon-1440</subfield>
    <subfield code="z">CDSINTERNAL|MediaArchive|Migrated from: http://mediaarchive.cern.ch/MediaArchive/Photo/Public/2010/1010220/1010220_09/1010220_09-A4-at-144-dpi.jpg</subfield>
  </datafield>
  <datafield tag="856" ind1="4" ind2=" ">
    <subfield code="8">2599707</subfield>
    <subfield code="s">63198</subfield>
    <subfield code="u">http://cds.cern.ch/record/1294068/files/1010220_09.jpg?subformat=icon-720</subfield>
    <subfield code="x">icon-720</subfield>
    <subfield code="z">CDSINTERNAL|MediaArchive|Migrated from: http://mediaarchive.cern.ch/MediaArchive/Photo/Public/2010/1010220/1010220_09/1010220_09-A5-at-72-dpi.jpg</subfield>
  </datafield>
  <datafield tag="856" ind1="4" ind2=" ">
    <subfield code="8">2599708</subfield>
    <subfield code="s">10964</subfield>
    <subfield code="u">http://cds.cern.ch/record/1294068/files/1010220_08.jpg?subformat=icon-180</subfield>
    <subfield code="x">icon-180</subfield>
    <subfield code="z">CDSINTERNAL|MediaArchive|Migrated from: http://mediaarchive.cern.ch/MediaArchive/Photo/Public/2010/1010220/1010220_08/1010220_08-Icon.jpg</subfield>
  </datafield>
  <datafield tag="856" ind1="4" ind2=" ">
    <subfield code="8">2599708</subfield>
    <subfield code="s">333369</subfield>
    <subfield code="u">http://cds.cern.ch/record/1294068/files/1010220_08.jpg?subformat=icon-1440</subfield>
    <subfield code="x">icon-1440</subfield>
    <subfield code="z">CDSINTERNAL|MediaArchive|Migrated from: http://mediaarchive.cern.ch/MediaArchive/Photo/Public/2010/1010220/1010220_08/1010220_08-A4-at-144-dpi.jpg</subfield>
  </datafield>
  <datafield tag="856" ind1="4" ind2=" ">
    <subfield code="8">2599708</subfield>
    <subfield code="s">60536</subfield>
    <subfield code="u">http://cds.cern.ch/record/1294068/files/1010220_08.jpg?subformat=icon-720</subfield>
    <subfield code="x">icon-720</subfield>
    <subfield code="z">CDSINTERNAL|MediaArchive|Migrated from: http://mediaarchive.cern.ch/MediaArchive/Photo/Public/2010/1010220/1010220_08/1010220_08-A5-at-72-dpi.jpg</subfield>
  </datafield>
  <datafield tag="856" ind1="4" ind2=" ">
    <subfield code="8">2599709</subfield>
    <subfield code="s">11662</subfield>
    <subfield code="u">http://cds.cern.ch/record/1294068/files/1010220_07.jpg?subformat=icon-180</subfield>
    <subfield code="x">icon-180</subfield>
    <subfield code="z">CDSINTERNAL|MediaArchive|Migrated from: http://mediaarchive.cern.ch/MediaArchive/Photo/Public/2010/1010220/1010220_07/1010220_07-Icon.jpg</subfield>
  </datafield>
  <datafield tag="856" ind1="4" ind2=" ">
    <subfield code="8">2599709</subfield>
    <subfield code="s">337240</subfield>
    <subfield code="u">http://cds.cern.ch/record/1294068/files/1010220_07.jpg?subformat=icon-1440</subfield>
    <subfield code="x">icon-1440</subfield>
    <subfield code="z">CDSINTERNAL|MediaArchive|Migrated from: http://mediaarchive.cern.ch/MediaArchive/Photo/Public/2010/1010220/1010220_07/1010220_07-A4-at-144-dpi.jpg</subfield>
  </datafield>
  <datafield tag="856" ind1="4" ind2=" ">
    <subfield code="8">2599709</subfield>
    <subfield code="s">66220</subfield>
    <subfield code="u">http://cds.cern.ch/record/1294068/files/1010220_07.jpg?subformat=icon-720</subfield>
    <subfield code="x">icon-720</subfield>
    <subfield code="z">CDSINTERNAL|MediaArchive|Migrated from: http://mediaarchive.cern.ch/MediaArchive/Photo/Public/2010/1010220/1010220_07/1010220_07-A5-at-72-dpi.jpg</subfield>
  </datafield>
  <datafield tag="856" ind1="4" ind2=" ">
    <subfield code="8">2599710</subfield>
    <subfield code="s">297988</subfield>
    <subfield code="u">http://cds.cern.ch/record/1294068/files/1010220_06.jpg?subformat=icon-1440</subfield>
    <subfield code="x">icon-1440</subfield>
    <subfield code="z">CDSINTERNAL|MediaArchive|Migrated from: http://mediaarchive.cern.ch/MediaArchive/Photo/Public/2010/1010220/1010220_06/1010220_06-A4-at-144-dpi.jpg</subfield>
  </datafield>
  <datafield tag="856" ind1="4" ind2=" ">
    <subfield code="8">2599710</subfield>
    <subfield code="s">56754</subfield>
    <subfield code="u">http://cds.cern.ch/record/1294068/files/1010220_06.jpg?subformat=icon-720</subfield>
    <subfield code="x">icon-720</subfield>
    <subfield code="z">CDSINTERNAL|MediaArchive|Migrated from: http://mediaarchive.cern.ch/MediaArchive/Photo/Public/2010/1010220/1010220_06/1010220_06-A5-at-72-dpi.jpg</subfield>
  </datafield>
  <datafield tag="856" ind1="4" ind2=" ">
    <subfield code="8">2599710</subfield>
    <subfield code="s">9980</subfield>
    <subfield code="u">http://cds.cern.ch/record/1294068/files/1010220_06.jpg?subformat=icon-180</subfield>
    <subfield code="x">icon-180</subfield>
    <subfield code="z">CDSINTERNAL|MediaArchive|Migrated from: http://mediaarchive.cern.ch/MediaArchive/Photo/Public/2010/1010220/1010220_06/1010220_06-Icon.jpg</subfield>
  </datafield>
  <datafield tag="856" ind1="4" ind2=" ">
    <subfield code="8">2599711</subfield>
    <subfield code="s">283101</subfield>
    <subfield code="u">http://cds.cern.ch/record/1294068/files/1010220_05.jpg?subformat=icon-1440</subfield>
    <subfield code="x">icon-1440</subfield>
    <subfield code="z">CDSINTERNAL|MediaArchive|Migrated from: http://mediaarchive.cern.ch/MediaArchive/Photo/Public/2010/1010220/1010220_05/1010220_05-A4-at-144-dpi.jpg</subfield>
  </datafield>
  <datafield tag="856" ind1="4" ind2=" ">
    <subfield code="8">2599711</subfield>
    <subfield code="s">50560</subfield>
    <subfield code="u">http://cds.cern.ch/record/1294068/files/1010220_05.jpg?subformat=icon-720</subfield>
    <subfield code="x">icon-720</subfield>
    <subfield code="z">CDSINTERNAL|MediaArchive|Migrated from: http://mediaarchive.cern.ch/MediaArchive/Photo/Public/2010/1010220/1010220_05/1010220_05-A5-at-72-dpi.jpg</subfield>
  </datafield>
  <datafield tag="856" ind1="4" ind2=" ">
    <subfield code="8">2599711</subfield>
    <subfield code="s">9654</subfield>
    <subfield code="u">http://cds.cern.ch/record/1294068/files/1010220_05.jpg?subformat=icon-180</subfield>
    <subfield code="x">icon-180</subfield>
    <subfield code="z">CDSINTERNAL|MediaArchive|Migrated from: http://mediaarchive.cern.ch/MediaArchive/Photo/Public/2010/1010220/1010220_05/1010220_05-Icon.jpg</subfield>
  </datafield>
  <datafield tag="856" ind1="4" ind2=" ">
    <subfield code="8">2599712</subfield>
    <subfield code="s">11992</subfield>
    <subfield code="u">http://cds.cern.ch/record/1294068/files/1010220_04.jpg?subformat=icon-180</subfield>
    <subfield code="x">icon-180</subfield>
    <subfield code="z">CDSINTERNAL|MediaArchive|Migrated from: http://mediaarchive.cern.ch/MediaArchive/Photo/Public/2010/1010220/1010220_04/1010220_04-Icon.jpg</subfield>
  </datafield>
  <datafield tag="856" ind1="4" ind2=" ">
    <subfield code="8">2599712</subfield>
    <subfield code="s">437584</subfield>
    <subfield code="u">http://cds.cern.ch/record/1294068/files/1010220_04.jpg?subformat=icon-1440</subfield>
    <subfield code="x">icon-1440</subfield>
    <subfield code="z">CDSINTERNAL|MediaArchive|Migrated from: http://mediaarchive.cern.ch/MediaArchive/Photo/Public/2010/1010220/1010220_04/1010220_04-A4-at-144-dpi.jpg</subfield>
  </datafield>
  <datafield tag="856" ind1="4" ind2=" ">
    <subfield code="8">2599712</subfield>
    <subfield code="s">72968</subfield>
    <subfield code="u">http://cds.cern.ch/record/1294068/files/1010220_04.jpg?subformat=icon-720</subfield>
    <subfield code="x">icon-720</subfield>
    <subfield code="z">CDSINTERNAL|MediaArchive|Migrated from: http://mediaarchive.cern.ch/MediaArchive/Photo/Public/2010/1010220/1010220_04/1010220_04-A5-at-72-dpi.jpg</subfield>
  </datafield>
  <datafield tag="856" ind1="4" ind2=" ">
    <subfield code="8">2599713</subfield>
    <subfield code="s">342865</subfield>
    <subfield code="u">http://cds.cern.ch/record/1294068/files/1010220_03.jpg?subformat=icon-1440</subfield>
    <subfield code="x">icon-1440</subfield>
    <subfield code="z">CDSINTERNAL|MediaArchive|Migrated from: http://mediaarchive.cern.ch/MediaArchive/Photo/Public/2010/1010220/1010220_03/1010220_03-A4-at-144-dpi.jpg</subfield>
  </datafield>
  <datafield tag="856" ind1="4" ind2=" ">
    <subfield code="8">2599713</subfield>
    <subfield code="s">55232</subfield>
    <subfield code="u">http://cds.cern.ch/record/1294068/files/1010220_03.jpg?subformat=icon-720</subfield>
    <subfield code="x">icon-720</subfield>
    <subfield code="z">CDSINTERNAL|MediaArchive|Migrated from: http://mediaarchive.cern.ch/MediaArchive/Photo/Public/2010/1010220/1010220_03/1010220_03-A5-at-72-dpi.jpg</subfield>
  </datafield>
  <datafield tag="856" ind1="4" ind2=" ">
    <subfield code="8">2599713</subfield>
    <subfield code="s">9789</subfield>
    <subfield code="u">http://cds.cern.ch/record/1294068/files/1010220_03.jpg?subformat=icon-180</subfield>
    <subfield code="x">icon-180</subfield>
    <subfield code="z">CDSINTERNAL|MediaArchive|Migrated from: http://mediaarchive.cern.ch/MediaArchive/Photo/Public/2010/1010220/1010220_03/1010220_03-Icon.jpg</subfield>
  </datafield>
  <datafield tag="856" ind1="4" ind2=" ">
    <subfield code="8">2599714</subfield>
    <subfield code="s">10491</subfield>
    <subfield code="u">http://cds.cern.ch/record/1294068/files/1010220_12.jpg?subformat=icon-180</subfield>
    <subfield code="x">icon-180</subfield>
    <subfield code="z">CDSINTERNAL|MediaArchive|Migrated from: http://mediaarchive.cern.ch/MediaArchive/Photo/Public/2010/1010220/1010220_12/1010220_12-Icon.jpg</subfield>
  </datafield>
  <datafield tag="856" ind1="4" ind2=" ">
    <subfield code="8">2599714</subfield>
    <subfield code="s">326504</subfield>
    <subfield code="u">http://cds.cern.ch/record/1294068/files/1010220_12.jpg?subformat=icon-1440</subfield>
    <subfield code="x">icon-1440</subfield>
    <subfield code="z">CDSINTERNAL|MediaArchive|Migrated from: http://mediaarchive.cern.ch/MediaArchive/Photo/Public/2010/1010220/1010220_12/1010220_12-A4-at-144-dpi.jpg</subfield>
  </datafield>
  <datafield tag="856" ind1="4" ind2=" ">
    <subfield code="8">2599714</subfield>
    <subfield code="s">59174</subfield>
    <subfield code="u">http://cds.cern.ch/record/1294068/files/1010220_12.jpg?subformat=icon-720</subfield>
    <subfield code="x">icon-720</subfield>
    <subfield code="z">CDSINTERNAL|MediaArchive|Migrated from: http://mediaarchive.cern.ch/MediaArchive/Photo/Public/2010/1010220/1010220_12/1010220_12-A5-at-72-dpi.jpg</subfield>
  </datafield>
  <datafield tag="856" ind1="4" ind2=" ">
    <subfield code="8">2599715</subfield>
    <subfield code="s">286959</subfield>
    <subfield code="u">http://cds.cern.ch/record/1294068/files/1010220_15.jpg?subformat=icon-1440</subfield>
    <subfield code="x">icon-1440</subfield>
    <subfield code="z">CDSINTERNAL|MediaArchive|Migrated from: http://mediaarchive.cern.ch/MediaArchive/Photo/Public/2010/1010220/1010220_15/1010220_15-A4-at-144-dpi.jpg</subfield>
  </datafield>
  <datafield tag="856" ind1="4" ind2=" ">
    <subfield code="8">2599715</subfield>
    <subfield code="s">45284</subfield>
    <subfield code="u">http://cds.cern.ch/record/1294068/files/1010220_15.jpg?subformat=icon-720</subfield>
    <subfield code="x">icon-720</subfield>
    <subfield code="z">CDSINTERNAL|MediaArchive|Migrated from: http://mediaarchive.cern.ch/MediaArchive/Photo/Public/2010/1010220/1010220_15/1010220_15-A5-at-72-dpi.jpg</subfield>
  </datafield>
  <datafield tag="856" ind1="4" ind2=" ">
    <subfield code="8">2599715</subfield>
    <subfield code="s">8335</subfield>
    <subfield code="u">http://cds.cern.ch/record/1294068/files/1010220_15.jpg?subformat=icon-180</subfield>
    <subfield code="x">icon-180</subfield>
    <subfield code="z">CDSINTERNAL|MediaArchive|Migrated from: http://mediaarchive.cern.ch/MediaArchive/Photo/Public/2010/1010220/1010220_15/1010220_15-Icon.jpg</subfield>
  </datafield>
  <datafield tag="856" ind1="4" ind2=" ">
    <subfield code="8">2599716</subfield>
    <subfield code="s">311862</subfield>
    <subfield code="u">http://cds.cern.ch/record/1294068/files/1010220_16.jpg?subformat=icon-1440</subfield>
    <subfield code="x">icon-1440</subfield>
    <subfield code="z">CDSINTERNAL|MediaArchive|Migrated from: http://mediaarchive.cern.ch/MediaArchive/Photo/Public/2010/1010220/1010220_16/1010220_16-A4-at-144-dpi.jpg</subfield>
  </datafield>
  <datafield tag="856" ind1="4" ind2=" ">
    <subfield code="8">2599716</subfield>
    <subfield code="s">45940</subfield>
    <subfield code="u">http://cds.cern.ch/record/1294068/files/1010220_16.jpg?subformat=icon-720</subfield>
    <subfield code="x">icon-720</subfield>
    <subfield code="z">CDSINTERNAL|MediaArchive|Migrated from: http://mediaarchive.cern.ch/MediaArchive/Photo/Public/2010/1010220/1010220_16/1010220_16-A5-at-72-dpi.jpg</subfield>
  </datafield>
  <datafield tag="856" ind1="4" ind2=" ">
    <subfield code="8">2599716</subfield>
    <subfield code="s">8134</subfield>
    <subfield code="u">http://cds.cern.ch/record/1294068/files/1010220_16.jpg?subformat=icon-180</subfield>
    <subfield code="x">icon-180</subfield>
    <subfield code="z">CDSINTERNAL|MediaArchive|Migrated from: http://mediaarchive.cern.ch/MediaArchive/Photo/Public/2010/1010220/1010220_16/1010220_16-Icon.jpg</subfield>
  </datafield>
  <datafield tag="856" ind1="4" ind2=" ">
    <subfield code="8">2599717</subfield>
    <subfield code="s">10597</subfield>
    <subfield code="u">http://cds.cern.ch/record/1294068/files/1010220_18.jpg?subformat=icon-180</subfield>
    <subfield code="x">icon-180</subfield>
    <subfield code="z">CDSINTERNAL|MediaArchive|Migrated from: http://mediaarchive.cern.ch/MediaArchive/Photo/Public/2010/1010220/1010220_18/1010220_18-Icon.jpg</subfield>
  </datafield>
  <datafield tag="856" ind1="4" ind2=" ">
    <subfield code="8">2599717</subfield>
    <subfield code="s">390432</subfield>
    <subfield code="u">http://cds.cern.ch/record/1294068/files/1010220_18.jpg?subformat=icon-1440</subfield>
    <subfield code="x">icon-1440</subfield>
    <subfield code="z">CDSINTERNAL|MediaArchive|Migrated from: http://mediaarchive.cern.ch/MediaArchive/Photo/Public/2010/1010220/1010220_18/1010220_18-A4-at-144-dpi.jpg</subfield>
  </datafield>
  <datafield tag="856" ind1="4" ind2=" ">
    <subfield code="8">2599717</subfield>
    <subfield code="s">64312</subfield>
    <subfield code="u">http://cds.cern.ch/record/1294068/files/1010220_18.jpg?subformat=icon-720</subfield>
    <subfield code="x">icon-720</subfield>
    <subfield code="z">CDSINTERNAL|MediaArchive|Migrated from: http://mediaarchive.cern.ch/MediaArchive/Photo/Public/2010/1010220/1010220_18/1010220_18-A5-at-72-dpi.jpg</subfield>
  </datafield>
  <datafield tag="856" ind1="4" ind2=" ">
    <subfield code="8">2599718</subfield>
    <subfield code="s">10514</subfield>
    <subfield code="u">http://cds.cern.ch/record/1294068/files/1010220_20.jpg?subformat=icon-180</subfield>
    <subfield code="x">icon-180</subfield>
    <subfield code="z">CDSINTERNAL|MediaArchive|Migrated from: http://mediaarchive.cern.ch/MediaArchive/Photo/Public/2010/1010220/1010220_20/1010220_20-Icon.jpg</subfield>
  </datafield>
  <datafield tag="856" ind1="4" ind2=" ">
    <subfield code="8">2599718</subfield>
    <subfield code="s">353334</subfield>
    <subfield code="u">http://cds.cern.ch/record/1294068/files/1010220_20.jpg?subformat=icon-1440</subfield>
    <subfield code="x">icon-1440</subfield>
    <subfield code="z">CDSINTERNAL|MediaArchive|Migrated from: http://mediaarchive.cern.ch/MediaArchive/Photo/Public/2010/1010220/1010220_20/1010220_20-A4-at-144-dpi.jpg</subfield>
  </datafield>
  <datafield tag="856" ind1="4" ind2=" ">
    <subfield code="8">2599718</subfield>
    <subfield code="s">61743</subfield>
    <subfield code="u">http://cds.cern.ch/record/1294068/files/1010220_20.jpg?subformat=icon-720</subfield>
    <subfield code="x">icon-720</subfield>
    <subfield code="z">CDSINTERNAL|MediaArchive|Migrated from: http://mediaarchive.cern.ch/MediaArchive/Photo/Public/2010/1010220/1010220_20/1010220_20-A5-at-72-dpi.jpg</subfield>
  </datafield>
  <datafield tag="856" ind1="4" ind2=" ">
    <subfield code="8">2599719</subfield>
    <subfield code="s">311105</subfield>
    <subfield code="u">http://cds.cern.ch/record/1294068/files/1010220_22.jpg?subformat=icon-1440</subfield>
    <subfield code="x">icon-1440</subfield>
    <subfield code="z">CDSINTERNAL|MediaArchive|Migrated from: http://mediaarchive.cern.ch/MediaArchive/Photo/Public/2010/1010220/1010220_22/1010220_22-A4-at-144-dpi.jpg</subfield>
  </datafield>
  <datafield tag="856" ind1="4" ind2=" ">
    <subfield code="8">2599719</subfield>
    <subfield code="s">51305</subfield>
    <subfield code="u">http://cds.cern.ch/record/1294068/files/1010220_22.jpg?subformat=icon-720</subfield>
    <subfield code="x">icon-720</subfield>
    <subfield code="z">CDSINTERNAL|MediaArchive|Migrated from: http://mediaarchive.cern.ch/MediaArchive/Photo/Public/2010/1010220/1010220_22/1010220_22-A5-at-72-dpi.jpg</subfield>
  </datafield>
  <datafield tag="856" ind1="4" ind2=" ">
    <subfield code="8">2599719</subfield>
    <subfield code="s">9333</subfield>
    <subfield code="u">http://cds.cern.ch/record/1294068/files/1010220_22.jpg?subformat=icon-180</subfield>
    <subfield code="x">icon-180</subfield>
    <subfield code="z">CDSINTERNAL|MediaArchive|Migrated from: http://mediaarchive.cern.ch/MediaArchive/Photo/Public/2010/1010220/1010220_22/1010220_22-Icon.jpg</subfield>
  </datafield>
  <datafield tag="856" ind1="4" ind2=" ">
    <subfield code="8">2599720</subfield>
    <subfield code="s">293210</subfield>
    <subfield code="u">http://cds.cern.ch/record/1294068/files/1010220_21.jpg?subformat=icon-1440</subfield>
    <subfield code="x">icon-1440</subfield>
    <subfield code="z">CDSINTERNAL|MediaArchive|Migrated from: http://mediaarchive.cern.ch/MediaArchive/Photo/Public/2010/1010220/1010220_21/1010220_21-A4-at-144-dpi.jpg</subfield>
  </datafield>
  <datafield tag="856" ind1="4" ind2=" ">
    <subfield code="8">2599720</subfield>
    <subfield code="s">53113</subfield>
    <subfield code="u">http://cds.cern.ch/record/1294068/files/1010220_21.jpg?subformat=icon-720</subfield>
    <subfield code="x">icon-720</subfield>
    <subfield code="z">CDSINTERNAL|MediaArchive|Migrated from: http://mediaarchive.cern.ch/MediaArchive/Photo/Public/2010/1010220/1010220_21/1010220_21-A5-at-72-dpi.jpg</subfield>
  </datafield>
  <datafield tag="856" ind1="4" ind2=" ">
    <subfield code="8">2599720</subfield>
    <subfield code="s">9040</subfield>
    <subfield code="u">http://cds.cern.ch/record/1294068/files/1010220_21.jpg?subformat=icon-180</subfield>
    <subfield code="x">icon-180</subfield>
    <subfield code="z">CDSINTERNAL|MediaArchive|Migrated from: http://mediaarchive.cern.ch/MediaArchive/Photo/Public/2010/1010220/1010220_21/1010220_21-Icon.jpg</subfield>
  </datafield>
  <datafield tag="856" ind1="4" ind2=" ">
    <subfield code="8">2599721</subfield>
    <subfield code="s">11169</subfield>
    <subfield code="u">http://cds.cern.ch/record/1294068/files/1010220_19.jpg?subformat=icon-180</subfield>
    <subfield code="x">icon-180</subfield>
    <subfield code="z">CDSINTERNAL|MediaArchive|Migrated from: http://mediaarchive.cern.ch/MediaArchive/Photo/Public/2010/1010220/1010220_19/1010220_19-Icon.jpg</subfield>
  </datafield>
  <datafield tag="856" ind1="4" ind2=" ">
    <subfield code="8">2599721</subfield>
    <subfield code="s">397343</subfield>
    <subfield code="u">http://cds.cern.ch/record/1294068/files/1010220_19.jpg?subformat=icon-1440</subfield>
    <subfield code="x">icon-1440</subfield>
    <subfield code="z">CDSINTERNAL|MediaArchive|Migrated from: http://mediaarchive.cern.ch/MediaArchive/Photo/Public/2010/1010220/1010220_19/1010220_19-A4-at-144-dpi.jpg</subfield>
  </datafield>
  <datafield tag="856" ind1="4" ind2=" ">
    <subfield code="8">2599721</subfield>
    <subfield code="s">68876</subfield>
    <subfield code="u">http://cds.cern.ch/record/1294068/files/1010220_19.jpg?subformat=icon-720</subfield>
    <subfield code="x">icon-720</subfield>
    <subfield code="z">CDSINTERNAL|MediaArchive|Migrated from: http://mediaarchive.cern.ch/MediaArchive/Photo/Public/2010/1010220/1010220_19/1010220_19-A5-at-72-dpi.jpg</subfield>
  </datafield>
  <datafield tag="856" ind1="4" ind2=" ">
    <subfield code="8">2599722</subfield>
    <subfield code="s">10122</subfield>
    <subfield code="u">http://cds.cern.ch/record/1294068/files/1010220_17.jpg?subformat=icon-180</subfield>
    <subfield code="x">icon-180</subfield>
    <subfield code="z">CDSINTERNAL|MediaArchive|Migrated from: http://mediaarchive.cern.ch/MediaArchive/Photo/Public/2010/1010220/1010220_17/1010220_17-Icon.jpg</subfield>
  </datafield>
  <datafield tag="856" ind1="4" ind2=" ">
    <subfield code="8">2599722</subfield>
    <subfield code="s">371901</subfield>
    <subfield code="u">http://cds.cern.ch/record/1294068/files/1010220_17.jpg?subformat=icon-1440</subfield>
    <subfield code="x">icon-1440</subfield>
    <subfield code="z">CDSINTERNAL|MediaArchive|Migrated from: http://mediaarchive.cern.ch/MediaArchive/Photo/Public/2010/1010220/1010220_17/1010220_17-A4-at-144-dpi.jpg</subfield>
  </datafield>
  <datafield tag="856" ind1="4" ind2=" ">
    <subfield code="8">2599722</subfield>
    <subfield code="s">59376</subfield>
    <subfield code="u">http://cds.cern.ch/record/1294068/files/1010220_17.jpg?subformat=icon-720</subfield>
    <subfield code="x">icon-720</subfield>
    <subfield code="z">CDSINTERNAL|MediaArchive|Migrated from: http://mediaarchive.cern.ch/MediaArchive/Photo/Public/2010/1010220/1010220_17/1010220_17-A5-at-72-dpi.jpg</subfield>
  </datafield>
  <datafield tag="856" ind1="4" ind2=" ">
    <subfield code="8">2599723</subfield>
    <subfield code="s">10303</subfield>
    <subfield code="u">http://cds.cern.ch/record/1294068/files/1010220_13.jpg?subformat=icon-180</subfield>
    <subfield code="x">icon-180</subfield>
    <subfield code="z">CDSINTERNAL|MediaArchive|Migrated from: http://mediaarchive.cern.ch/MediaArchive/Photo/Public/2010/1010220/1010220_13/1010220_13-Icon.jpg</subfield>
  </datafield>
  <datafield tag="856" ind1="4" ind2=" ">
    <subfield code="8">2599723</subfield>
    <subfield code="s">331822</subfield>
    <subfield code="u">http://cds.cern.ch/record/1294068/files/1010220_13.jpg?subformat=icon-1440</subfield>
    <subfield code="x">icon-1440</subfield>
    <subfield code="z">CDSINTERNAL|MediaArchive|Migrated from: http://mediaarchive.cern.ch/MediaArchive/Photo/Public/2010/1010220/1010220_13/1010220_13-A4-at-144-dpi.jpg</subfield>
  </datafield>
  <datafield tag="856" ind1="4" ind2=" ">
    <subfield code="8">2599723</subfield>
    <subfield code="s">57892</subfield>
    <subfield code="u">http://cds.cern.ch/record/1294068/files/1010220_13.jpg?subformat=icon-720</subfield>
    <subfield code="x">icon-720</subfield>
    <subfield code="z">CDSINTERNAL|MediaArchive|Migrated from: http://mediaarchive.cern.ch/MediaArchive/Photo/Public/2010/1010220/1010220_13/1010220_13-A5-at-72-dpi.jpg</subfield>
  </datafield>
  <datafield tag="856" ind1="4" ind2=" ">
    <subfield code="8">2599724</subfield>
    <subfield code="s">11340</subfield>
    <subfield code="u">http://cds.cern.ch/record/1294068/files/1010220_14.jpg?subformat=icon-180</subfield>
    <subfield code="x">icon-180</subfield>
    <subfield code="z">CDSINTERNAL|MediaArchive|Migrated from: http://mediaarchive.cern.ch/MediaArchive/Photo/Public/2010/1010220/1010220_14/1010220_14-Icon.jpg</subfield>
  </datafield>
  <datafield tag="856" ind1="4" ind2=" ">
    <subfield code="8">2599724</subfield>
    <subfield code="s">412069</subfield>
    <subfield code="u">http://cds.cern.ch/record/1294068/files/1010220_14.jpg?subformat=icon-1440</subfield>
    <subfield code="x">icon-1440</subfield>
    <subfield code="z">CDSINTERNAL|MediaArchive|Migrated from: http://mediaarchive.cern.ch/MediaArchive/Photo/Public/2010/1010220/1010220_14/1010220_14-A4-at-144-dpi.jpg</subfield>
  </datafield>
  <datafield tag="856" ind1="4" ind2=" ">
    <subfield code="8">2599724</subfield>
    <subfield code="s">68143</subfield>
    <subfield code="u">http://cds.cern.ch/record/1294068/files/1010220_14.jpg?subformat=icon-720</subfield>
    <subfield code="x">icon-720</subfield>
    <subfield code="z">CDSINTERNAL|MediaArchive|Migrated from: http://mediaarchive.cern.ch/MediaArchive/Photo/Public/2010/1010220/1010220_14/1010220_14-A5-at-72-dpi.jpg</subfield>
  </datafield>
  <datafield tag="856" ind1="4" ind2=" ">
    <subfield code="8">2599725</subfield>
    <subfield code="s">10255</subfield>
    <subfield code="u">http://cds.cern.ch/record/1294068/files/1010220_23.jpg?subformat=icon-180</subfield>
    <subfield code="x">icon-180</subfield>
    <subfield code="z">CDSINTERNAL|MediaArchive|Migrated from: http://mediaarchive.cern.ch/MediaArchive/Photo/Public/2010/1010220/1010220_23/1010220_23-Icon.jpg</subfield>
  </datafield>
  <datafield tag="856" ind1="4" ind2=" ">
    <subfield code="8">2599725</subfield>
    <subfield code="s">316720</subfield>
    <subfield code="u">http://cds.cern.ch/record/1294068/files/1010220_23.jpg?subformat=icon-1440</subfield>
    <subfield code="x">icon-1440</subfield>
    <subfield code="z">CDSINTERNAL|MediaArchive|Migrated from: http://mediaarchive.cern.ch/MediaArchive/Photo/Public/2010/1010220/1010220_23/1010220_23-A4-at-144-dpi.jpg</subfield>
  </datafield>
  <datafield tag="856" ind1="4" ind2=" ">
    <subfield code="8">2599725</subfield>
    <subfield code="s">52993</subfield>
    <subfield code="u">http://cds.cern.ch/record/1294068/files/1010220_23.jpg?subformat=icon-720</subfield>
    <subfield code="x">icon-720</subfield>
    <subfield code="z">CDSINTERNAL|MediaArchive|Migrated from: http://mediaarchive.cern.ch/MediaArchive/Photo/Public/2010/1010220/1010220_23/1010220_23-A5-at-72-dpi.jpg</subfield>
  </datafield>
  <datafield tag="856" ind1="4" ind2=" ">
    <subfield code="8">2599726</subfield>
    <subfield code="s">10540</subfield>
    <subfield code="u">http://cds.cern.ch/record/1294068/files/1010220_24.jpg?subformat=icon-180</subfield>
    <subfield code="x">icon-180</subfield>
    <subfield code="z">CDSINTERNAL|MediaArchive|Migrated from: http://mediaarchive.cern.ch/MediaArchive/Photo/Public/2010/1010220/1010220_24/1010220_24-Icon.jpg</subfield>
  </datafield>
  <datafield tag="856" ind1="4" ind2=" ">
    <subfield code="8">2599726</subfield>
    <subfield code="s">288161</subfield>
    <subfield code="u">http://cds.cern.ch/record/1294068/files/1010220_24.jpg?subformat=icon-1440</subfield>
    <subfield code="x">icon-1440</subfield>
    <subfield code="z">CDSINTERNAL|MediaArchive|Migrated from: http://mediaarchive.cern.ch/MediaArchive/Photo/Public/2010/1010220/1010220_24/1010220_24-A4-at-144-dpi.jpg</subfield>
  </datafield>
  <datafield tag="856" ind1="4" ind2=" ">
    <subfield code="8">2599726</subfield>
    <subfield code="s">56262</subfield>
    <subfield code="u">http://cds.cern.ch/record/1294068/files/1010220_24.jpg?subformat=icon-720</subfield>
    <subfield code="x">icon-720</subfield>
    <subfield code="z">CDSINTERNAL|MediaArchive|Migrated from: http://mediaarchive.cern.ch/MediaArchive/Photo/Public/2010/1010220/1010220_24/1010220_24-A5-at-72-dpi.jpg</subfield>
  </datafield>
  <datafield tag="856" ind1="4" ind2=" ">
    <subfield code="8">2599727</subfield>
    <subfield code="s">11354</subfield>
    <subfield code="u">http://cds.cern.ch/record/1294068/files/1010220_26.jpg?subformat=icon-180</subfield>
    <subfield code="x">icon-180</subfield>
    <subfield code="z">CDSINTERNAL|MediaArchive|Migrated from: http://mediaarchive.cern.ch/MediaArchive/Photo/Public/2010/1010220/1010220_26/1010220_26-Icon.jpg</subfield>
  </datafield>
  <datafield tag="856" ind1="4" ind2=" ">
    <subfield code="8">2599727</subfield>
    <subfield code="s">347077</subfield>
    <subfield code="u">http://cds.cern.ch/record/1294068/files/1010220_26.jpg?subformat=icon-1440</subfield>
    <subfield code="x">icon-1440</subfield>
    <subfield code="z">CDSINTERNAL|MediaArchive|Migrated from: http://mediaarchive.cern.ch/MediaArchive/Photo/Public/2010/1010220/1010220_26/1010220_26-A4-at-144-dpi.jpg</subfield>
  </datafield>
  <datafield tag="856" ind1="4" ind2=" ">
    <subfield code="8">2599727</subfield>
    <subfield code="s">63940</subfield>
    <subfield code="u">http://cds.cern.ch/record/1294068/files/1010220_26.jpg?subformat=icon-720</subfield>
    <subfield code="x">icon-720</subfield>
    <subfield code="z">CDSINTERNAL|MediaArchive|Migrated from: http://mediaarchive.cern.ch/MediaArchive/Photo/Public/2010/1010220/1010220_26/1010220_26-A5-at-72-dpi.jpg</subfield>
  </datafield>
  <datafield tag="856" ind1="4" ind2=" ">
    <subfield code="8">2599728</subfield>
    <subfield code="s">10483</subfield>
    <subfield code="u">http://cds.cern.ch/record/1294068/files/1010220_28.jpg?subformat=icon-180</subfield>
    <subfield code="x">icon-180</subfield>
    <subfield code="z">CDSINTERNAL|MediaArchive|Migrated from: http://mediaarchive.cern.ch/MediaArchive/Photo/Public/2010/1010220/1010220_28/1010220_28-Icon.jpg</subfield>
  </datafield>
  <datafield tag="856" ind1="4" ind2=" ">
    <subfield code="8">2599728</subfield>
    <subfield code="s">338687</subfield>
    <subfield code="u">http://cds.cern.ch/record/1294068/files/1010220_28.jpg?subformat=icon-1440</subfield>
    <subfield code="x">icon-1440</subfield>
    <subfield code="z">CDSINTERNAL|MediaArchive|Migrated from: http://mediaarchive.cern.ch/MediaArchive/Photo/Public/2010/1010220/1010220_28/1010220_28-A4-at-144-dpi.jpg</subfield>
  </datafield>
  <datafield tag="856" ind1="4" ind2=" ">
    <subfield code="8">2599728</subfield>
    <subfield code="s">57513</subfield>
    <subfield code="u">http://cds.cern.ch/record/1294068/files/1010220_28.jpg?subformat=icon-720</subfield>
    <subfield code="x">icon-720</subfield>
    <subfield code="z">CDSINTERNAL|MediaArchive|Migrated from: http://mediaarchive.cern.ch/MediaArchive/Photo/Public/2010/1010220/1010220_28/1010220_28-A5-at-72-dpi.jpg</subfield>
  </datafield>
  <datafield tag="856" ind1="4" ind2=" ">
    <subfield code="8">2599729</subfield>
    <subfield code="s">11074</subfield>
    <subfield code="u">http://cds.cern.ch/record/1294068/files/1010220_30.jpg?subformat=icon-180</subfield>
    <subfield code="x">icon-180</subfield>
    <subfield code="z">CDSINTERNAL|MediaArchive|Migrated from: http://mediaarchive.cern.ch/MediaArchive/Photo/Public/2010/1010220/1010220_30/1010220_30-Icon.jpg</subfield>
  </datafield>
  <datafield tag="856" ind1="4" ind2=" ">
    <subfield code="8">2599729</subfield>
    <subfield code="s">351798</subfield>
    <subfield code="u">http://cds.cern.ch/record/1294068/files/1010220_30.jpg?subformat=icon-1440</subfield>
    <subfield code="x">icon-1440</subfield>
    <subfield code="z">CDSINTERNAL|MediaArchive|Migrated from: http://mediaarchive.cern.ch/MediaArchive/Photo/Public/2010/1010220/1010220_30/1010220_30-A4-at-144-dpi.jpg</subfield>
  </datafield>
  <datafield tag="856" ind1="4" ind2=" ">
    <subfield code="8">2599729</subfield>
    <subfield code="s">65757</subfield>
    <subfield code="u">http://cds.cern.ch/record/1294068/files/1010220_30.jpg?subformat=icon-720</subfield>
    <subfield code="x">icon-720</subfield>
    <subfield code="z">CDSINTERNAL|MediaArchive|Migrated from: http://mediaarchive.cern.ch/MediaArchive/Photo/Public/2010/1010220/1010220_30/1010220_30-A5-at-72-dpi.jpg</subfield>
  </datafield>
  <datafield tag="856" ind1="4" ind2=" ">
    <subfield code="8">2599730</subfield>
    <subfield code="s">10104</subfield>
    <subfield code="u">http://cds.cern.ch/record/1294068/files/1010220_35.jpg?subformat=icon-180</subfield>
    <subfield code="x">icon-180</subfield>
    <subfield code="z">CDSINTERNAL|MediaArchive|Migrated from: http://mediaarchive.cern.ch/MediaArchive/Photo/Public/2010/1010220/1010220_35/1010220_35-Icon.jpg</subfield>
  </datafield>
  <datafield tag="856" ind1="4" ind2=" ">
    <subfield code="8">2599730</subfield>
    <subfield code="s">324623</subfield>
    <subfield code="u">http://cds.cern.ch/record/1294068/files/1010220_35.jpg?subformat=icon-1440</subfield>
    <subfield code="x">icon-1440</subfield>
    <subfield code="z">CDSINTERNAL|MediaArchive|Migrated from: http://mediaarchive.cern.ch/MediaArchive/Photo/Public/2010/1010220/1010220_35/1010220_35-A4-at-144-dpi.jpg</subfield>
  </datafield>
  <datafield tag="856" ind1="4" ind2=" ">
    <subfield code="8">2599730</subfield>
    <subfield code="s">57509</subfield>
    <subfield code="u">http://cds.cern.ch/record/1294068/files/1010220_35.jpg?subformat=icon-720</subfield>
    <subfield code="x">icon-720</subfield>
    <subfield code="z">CDSINTERNAL|MediaArchive|Migrated from: http://mediaarchive.cern.ch/MediaArchive/Photo/Public/2010/1010220/1010220_35/1010220_35-A5-at-72-dpi.jpg</subfield>
  </datafield>
  <datafield tag="856" ind1="4" ind2=" ">
    <subfield code="8">2599731</subfield>
    <subfield code="s">11168</subfield>
    <subfield code="u">http://cds.cern.ch/record/1294068/files/1010220_34.jpg?subformat=icon-180</subfield>
    <subfield code="x">icon-180</subfield>
    <subfield code="z">CDSINTERNAL|MediaArchive|Migrated from: http://mediaarchive.cern.ch/MediaArchive/Photo/Public/2010/1010220/1010220_34/1010220_34-Icon.jpg</subfield>
  </datafield>
  <datafield tag="856" ind1="4" ind2=" ">
    <subfield code="8">2599731</subfield>
    <subfield code="s">342612</subfield>
    <subfield code="u">http://cds.cern.ch/record/1294068/files/1010220_34.jpg?subformat=icon-1440</subfield>
    <subfield code="x">icon-1440</subfield>
    <subfield code="z">CDSINTERNAL|MediaArchive|Migrated from: http://mediaarchive.cern.ch/MediaArchive/Photo/Public/2010/1010220/1010220_34/1010220_34-A4-at-144-dpi.jpg</subfield>
  </datafield>
  <datafield tag="856" ind1="4" ind2=" ">
    <subfield code="8">2599731</subfield>
    <subfield code="s">59387</subfield>
    <subfield code="u">http://cds.cern.ch/record/1294068/files/1010220_34.jpg?subformat=icon-720</subfield>
    <subfield code="x">icon-720</subfield>
    <subfield code="z">CDSINTERNAL|MediaArchive|Migrated from: http://mediaarchive.cern.ch/MediaArchive/Photo/Public/2010/1010220/1010220_34/1010220_34-A5-at-72-dpi.jpg</subfield>
  </datafield>
  <datafield tag="856" ind1="4" ind2=" ">
    <subfield code="8">2599732</subfield>
    <subfield code="s">10486</subfield>
    <subfield code="u">http://cds.cern.ch/record/1294068/files/1010220_33.jpg?subformat=icon-180</subfield>
    <subfield code="x">icon-180</subfield>
    <subfield code="z">CDSINTERNAL|MediaArchive|Migrated from: http://mediaarchive.cern.ch/MediaArchive/Photo/Public/2010/1010220/1010220_33/1010220_33-Icon.jpg</subfield>
  </datafield>
  <datafield tag="856" ind1="4" ind2=" ">
    <subfield code="8">2599732</subfield>
    <subfield code="s">310599</subfield>
    <subfield code="u">http://cds.cern.ch/record/1294068/files/1010220_33.jpg?subformat=icon-1440</subfield>
    <subfield code="x">icon-1440</subfield>
    <subfield code="z">CDSINTERNAL|MediaArchive|Migrated from: http://mediaarchive.cern.ch/MediaArchive/Photo/Public/2010/1010220/1010220_33/1010220_33-A4-at-144-dpi.jpg</subfield>
  </datafield>
  <datafield tag="856" ind1="4" ind2=" ">
    <subfield code="8">2599732</subfield>
    <subfield code="s">53079</subfield>
    <subfield code="u">http://cds.cern.ch/record/1294068/files/1010220_33.jpg?subformat=icon-720</subfield>
    <subfield code="x">icon-720</subfield>
    <subfield code="z">CDSINTERNAL|MediaArchive|Migrated from: http://mediaarchive.cern.ch/MediaArchive/Photo/Public/2010/1010220/1010220_33/1010220_33-A5-at-72-dpi.jpg</subfield>
  </datafield>
  <datafield tag="856" ind1="4" ind2=" ">
    <subfield code="8">2599733</subfield>
    <subfield code="s">11009</subfield>
    <subfield code="u">http://cds.cern.ch/record/1294068/files/1010220_32.jpg?subformat=icon-180</subfield>
    <subfield code="x">icon-180</subfield>
    <subfield code="z">CDSINTERNAL|MediaArchive|Migrated from: http://mediaarchive.cern.ch/MediaArchive/Photo/Public/2010/1010220/1010220_32/1010220_32-Icon.jpg</subfield>
  </datafield>
  <datafield tag="856" ind1="4" ind2=" ">
    <subfield code="8">2599733</subfield>
    <subfield code="s">376798</subfield>
    <subfield code="u">http://cds.cern.ch/record/1294068/files/1010220_32.jpg?subformat=icon-1440</subfield>
    <subfield code="x">icon-1440</subfield>
    <subfield code="z">CDSINTERNAL|MediaArchive|Migrated from: http://mediaarchive.cern.ch/MediaArchive/Photo/Public/2010/1010220/1010220_32/1010220_32-A4-at-144-dpi.jpg</subfield>
  </datafield>
  <datafield tag="856" ind1="4" ind2=" ">
    <subfield code="8">2599733</subfield>
    <subfield code="s">63284</subfield>
    <subfield code="u">http://cds.cern.ch/record/1294068/files/1010220_32.jpg?subformat=icon-720</subfield>
    <subfield code="x">icon-720</subfield>
    <subfield code="z">CDSINTERNAL|MediaArchive|Migrated from: http://mediaarchive.cern.ch/MediaArchive/Photo/Public/2010/1010220/1010220_32/1010220_32-A5-at-72-dpi.jpg</subfield>
  </datafield>
  <datafield tag="856" ind1="4" ind2=" ">
    <subfield code="8">2599734</subfield>
    <subfield code="s">10189</subfield>
    <subfield code="u">http://cds.cern.ch/record/1294068/files/1010220_31.jpg?subformat=icon-180</subfield>
    <subfield code="x">icon-180</subfield>
    <subfield code="z">CDSINTERNAL|MediaArchive|Migrated from: http://mediaarchive.cern.ch/MediaArchive/Photo/Public/2010/1010220/1010220_31/1010220_31-Icon.jpg</subfield>
  </datafield>
  <datafield tag="856" ind1="4" ind2=" ">
    <subfield code="8">2599734</subfield>
    <subfield code="s">327949</subfield>
    <subfield code="u">http://cds.cern.ch/record/1294068/files/1010220_31.jpg?subformat=icon-1440</subfield>
    <subfield code="x">icon-1440</subfield>
    <subfield code="z">CDSINTERNAL|MediaArchive|Migrated from: http://mediaarchive.cern.ch/MediaArchive/Photo/Public/2010/1010220/1010220_31/1010220_31-A4-at-144-dpi.jpg</subfield>
  </datafield>
  <datafield tag="856" ind1="4" ind2=" ">
    <subfield code="8">2599734</subfield>
    <subfield code="s">56443</subfield>
    <subfield code="u">http://cds.cern.ch/record/1294068/files/1010220_31.jpg?subformat=icon-720</subfield>
    <subfield code="x">icon-720</subfield>
    <subfield code="z">CDSINTERNAL|MediaArchive|Migrated from: http://mediaarchive.cern.ch/MediaArchive/Photo/Public/2010/1010220/1010220_31/1010220_31-A5-at-72-dpi.jpg</subfield>
  </datafield>
  <datafield tag="856" ind1="4" ind2=" ">
    <subfield code="8">2599735</subfield>
    <subfield code="s">11154</subfield>
    <subfield code="u">http://cds.cern.ch/record/1294068/files/1010220_29.jpg?subformat=icon-180</subfield>
    <subfield code="x">icon-180</subfield>
    <subfield code="z">CDSINTERNAL|MediaArchive|Migrated from: http://mediaarchive.cern.ch/MediaArchive/Photo/Public/2010/1010220/1010220_29/1010220_29-Icon.jpg</subfield>
  </datafield>
  <datafield tag="856" ind1="4" ind2=" ">
    <subfield code="8">2599735</subfield>
    <subfield code="s">346444</subfield>
    <subfield code="u">http://cds.cern.ch/record/1294068/files/1010220_29.jpg?subformat=icon-1440</subfield>
    <subfield code="x">icon-1440</subfield>
    <subfield code="z">CDSINTERNAL|MediaArchive|Migrated from: http://mediaarchive.cern.ch/MediaArchive/Photo/Public/2010/1010220/1010220_29/1010220_29-A4-at-144-dpi.jpg</subfield>
  </datafield>
  <datafield tag="856" ind1="4" ind2=" ">
    <subfield code="8">2599735</subfield>
    <subfield code="s">63082</subfield>
    <subfield code="u">http://cds.cern.ch/record/1294068/files/1010220_29.jpg?subformat=icon-720</subfield>
    <subfield code="x">icon-720</subfield>
    <subfield code="z">CDSINTERNAL|MediaArchive|Migrated from: http://mediaarchive.cern.ch/MediaArchive/Photo/Public/2010/1010220/1010220_29/1010220_29-A5-at-72-dpi.jpg</subfield>
  </datafield>
  <datafield tag="856" ind1="4" ind2=" ">
    <subfield code="8">2599736</subfield>
    <subfield code="s">10211</subfield>
    <subfield code="u">http://cds.cern.ch/record/1294068/files/1010220_27.jpg?subformat=icon-180</subfield>
    <subfield code="x">icon-180</subfield>
    <subfield code="z">CDSINTERNAL|MediaArchive|Migrated from: http://mediaarchive.cern.ch/MediaArchive/Photo/Public/2010/1010220/1010220_27/1010220_27-Icon.jpg</subfield>
  </datafield>
  <datafield tag="856" ind1="4" ind2=" ">
    <subfield code="8">2599736</subfield>
    <subfield code="s">332486</subfield>
    <subfield code="u">http://cds.cern.ch/record/1294068/files/1010220_27.jpg?subformat=icon-1440</subfield>
    <subfield code="x">icon-1440</subfield>
    <subfield code="z">CDSINTERNAL|MediaArchive|Migrated from: http://mediaarchive.cern.ch/MediaArchive/Photo/Public/2010/1010220/1010220_27/1010220_27-A4-at-144-dpi.jpg</subfield>
  </datafield>
  <datafield tag="856" ind1="4" ind2=" ">
    <subfield code="8">2599736</subfield>
    <subfield code="s">55485</subfield>
    <subfield code="u">http://cds.cern.ch/record/1294068/files/1010220_27.jpg?subformat=icon-720</subfield>
    <subfield code="x">icon-720</subfield>
    <subfield code="z">CDSINTERNAL|MediaArchive|Migrated from: http://mediaarchive.cern.ch/MediaArchive/Photo/Public/2010/1010220/1010220_27/1010220_27-A5-at-72-dpi.jpg</subfield>
  </datafield>
  <datafield tag="856" ind1="4" ind2=" ">
    <subfield code="8">2599737</subfield>
    <subfield code="s">10187</subfield>
    <subfield code="u">http://cds.cern.ch/record/1294068/files/1010220_25.jpg?subformat=icon-180</subfield>
    <subfield code="x">icon-180</subfield>
    <subfield code="z">CDSINTERNAL|MediaArchive|Migrated from: http://mediaarchive.cern.ch/MediaArchive/Photo/Public/2010/1010220/1010220_25/1010220_25-Icon.jpg</subfield>
  </datafield>
  <datafield tag="856" ind1="4" ind2=" ">
    <subfield code="8">2599737</subfield>
    <subfield code="s">308501</subfield>
    <subfield code="u">http://cds.cern.ch/record/1294068/files/1010220_25.jpg?subformat=icon-1440</subfield>
    <subfield code="x">icon-1440</subfield>
    <subfield code="z">CDSINTERNAL|MediaArchive|Migrated from: http://mediaarchive.cern.ch/MediaArchive/Photo/Public/2010/1010220/1010220_25/1010220_25-A4-at-144-dpi.jpg</subfield>
  </datafield>
  <datafield tag="856" ind1="4" ind2=" ">
    <subfield code="8">2599737</subfield>
    <subfield code="s">59458</subfield>
    <subfield code="u">http://cds.cern.ch/record/1294068/files/1010220_25.jpg?subformat=icon-720</subfield>
    <subfield code="x">icon-720</subfield>
    <subfield code="z">CDSINTERNAL|MediaArchive|Migrated from: http://mediaarchive.cern.ch/MediaArchive/Photo/Public/2010/1010220/1010220_25/1010220_25-A5-at-72-dpi.jpg</subfield>
  </datafield>
  <datafield tag="856" ind1="4" ind2=" ">
    <subfield code="8">2599738</subfield>
    <subfield code="s">11953</subfield>
    <subfield code="u">http://cds.cern.ch/record/1294068/files/1010220_41.jpg?subformat=icon-180</subfield>
    <subfield code="x">icon-180</subfield>
    <subfield code="z">CDSINTERNAL|MediaArchive|Migrated from: http://mediaarchive.cern.ch/MediaArchive/Photo/Public/2010/1010220/1010220_41/1010220_41-Icon.jpg</subfield>
  </datafield>
  <datafield tag="856" ind1="4" ind2=" ">
    <subfield code="8">2599738</subfield>
    <subfield code="s">374942</subfield>
    <subfield code="u">http://cds.cern.ch/record/1294068/files/1010220_41.jpg?subformat=icon-1440</subfield>
    <subfield code="x">icon-1440</subfield>
    <subfield code="z">CDSINTERNAL|MediaArchive|Migrated from: http://mediaarchive.cern.ch/MediaArchive/Photo/Public/2010/1010220/1010220_41/1010220_41-A4-at-144-dpi.jpg</subfield>
  </datafield>
  <datafield tag="856" ind1="4" ind2=" ">
    <subfield code="8">2599738</subfield>
    <subfield code="s">67625</subfield>
    <subfield code="u">http://cds.cern.ch/record/1294068/files/1010220_41.jpg?subformat=icon-720</subfield>
    <subfield code="x">icon-720</subfield>
    <subfield code="z">CDSINTERNAL|MediaArchive|Migrated from: http://mediaarchive.cern.ch/MediaArchive/Photo/Public/2010/1010220/1010220_41/1010220_41-A5-at-72-dpi.jpg</subfield>
  </datafield>
  <datafield tag="856" ind1="4" ind2=" ">
    <subfield code="8">2599739</subfield>
    <subfield code="s">304431</subfield>
    <subfield code="u">http://cds.cern.ch/record/1294068/files/1010220_40.jpg?subformat=icon-1440</subfield>
    <subfield code="x">icon-1440</subfield>
    <subfield code="z">CDSINTERNAL|MediaArchive|Migrated from: http://mediaarchive.cern.ch/MediaArchive/Photo/Public/2010/1010220/1010220_40/1010220_40-A4-at-144-dpi.jpg</subfield>
  </datafield>
  <datafield tag="856" ind1="4" ind2=" ">
    <subfield code="8">2599739</subfield>
    <subfield code="s">51133</subfield>
    <subfield code="u">http://cds.cern.ch/record/1294068/files/1010220_40.jpg?subformat=icon-720</subfield>
    <subfield code="x">icon-720</subfield>
    <subfield code="z">CDSINTERNAL|MediaArchive|Migrated from: http://mediaarchive.cern.ch/MediaArchive/Photo/Public/2010/1010220/1010220_40/1010220_40-A5-at-72-dpi.jpg</subfield>
  </datafield>
  <datafield tag="856" ind1="4" ind2=" ">
    <subfield code="8">2599739</subfield>
    <subfield code="s">9556</subfield>
    <subfield code="u">http://cds.cern.ch/record/1294068/files/1010220_40.jpg?subformat=icon-180</subfield>
    <subfield code="x">icon-180</subfield>
    <subfield code="z">CDSINTERNAL|MediaArchive|Migrated from: http://mediaarchive.cern.ch/MediaArchive/Photo/Public/2010/1010220/1010220_40/1010220_40-Icon.jpg</subfield>
  </datafield>
  <datafield tag="856" ind1="4" ind2=" ">
    <subfield code="8">2599740</subfield>
    <subfield code="s">11424</subfield>
    <subfield code="u">http://cds.cern.ch/record/1294068/files/1010220_39.jpg?subformat=icon-180</subfield>
    <subfield code="x">icon-180</subfield>
    <subfield code="z">CDSINTERNAL|MediaArchive|Migrated from: http://mediaarchive.cern.ch/MediaArchive/Photo/Public/2010/1010220/1010220_39/1010220_39-Icon.jpg</subfield>
  </datafield>
  <datafield tag="856" ind1="4" ind2=" ">
    <subfield code="8">2599740</subfield>
    <subfield code="s">372008</subfield>
    <subfield code="u">http://cds.cern.ch/record/1294068/files/1010220_39.jpg?subformat=icon-1440</subfield>
    <subfield code="x">icon-1440</subfield>
    <subfield code="z">CDSINTERNAL|MediaArchive|Migrated from: http://mediaarchive.cern.ch/MediaArchive/Photo/Public/2010/1010220/1010220_39/1010220_39-A4-at-144-dpi.jpg</subfield>
  </datafield>
  <datafield tag="856" ind1="4" ind2=" ">
    <subfield code="8">2599740</subfield>
    <subfield code="s">64764</subfield>
    <subfield code="u">http://cds.cern.ch/record/1294068/files/1010220_39.jpg?subformat=icon-720</subfield>
    <subfield code="x">icon-720</subfield>
    <subfield code="z">CDSINTERNAL|MediaArchive|Migrated from: http://mediaarchive.cern.ch/MediaArchive/Photo/Public/2010/1010220/1010220_39/1010220_39-A5-at-72-dpi.jpg</subfield>
  </datafield>
  <datafield tag="856" ind1="4" ind2=" ">
    <subfield code="8">2599741</subfield>
    <subfield code="s">10651</subfield>
    <subfield code="u">http://cds.cern.ch/record/1294068/files/1010220_38.jpg?subformat=icon-180</subfield>
    <subfield code="x">icon-180</subfield>
    <subfield code="z">CDSINTERNAL|MediaArchive|Migrated from: http://mediaarchive.cern.ch/MediaArchive/Photo/Public/2010/1010220/1010220_38/1010220_38-Icon.jpg</subfield>
  </datafield>
  <datafield tag="856" ind1="4" ind2=" ">
    <subfield code="8">2599741</subfield>
    <subfield code="s">392761</subfield>
    <subfield code="u">http://cds.cern.ch/record/1294068/files/1010220_38.jpg?subformat=icon-1440</subfield>
    <subfield code="x">icon-1440</subfield>
    <subfield code="z">CDSINTERNAL|MediaArchive|Migrated from: http://mediaarchive.cern.ch/MediaArchive/Photo/Public/2010/1010220/1010220_38/1010220_38-A4-at-144-dpi.jpg</subfield>
  </datafield>
  <datafield tag="856" ind1="4" ind2=" ">
    <subfield code="8">2599741</subfield>
    <subfield code="s">64705</subfield>
    <subfield code="u">http://cds.cern.ch/record/1294068/files/1010220_38.jpg?subformat=icon-720</subfield>
    <subfield code="x">icon-720</subfield>
    <subfield code="z">CDSINTERNAL|MediaArchive|Migrated from: http://mediaarchive.cern.ch/MediaArchive/Photo/Public/2010/1010220/1010220_38/1010220_38-A5-at-72-dpi.jpg</subfield>
  </datafield>
  <datafield tag="856" ind1="4" ind2=" ">
    <subfield code="8">2599742</subfield>
    <subfield code="s">10509</subfield>
    <subfield code="u">http://cds.cern.ch/record/1294068/files/1010220_37.jpg?subformat=icon-180</subfield>
    <subfield code="x">icon-180</subfield>
    <subfield code="z">CDSINTERNAL|MediaArchive|Migrated from: http://mediaarchive.cern.ch/MediaArchive/Photo/Public/2010/1010220/1010220_37/1010220_37-Icon.jpg</subfield>
  </datafield>
  <datafield tag="856" ind1="4" ind2=" ">
    <subfield code="8">2599742</subfield>
    <subfield code="s">380112</subfield>
    <subfield code="u">http://cds.cern.ch/record/1294068/files/1010220_37.jpg?subformat=icon-1440</subfield>
    <subfield code="x">icon-1440</subfield>
    <subfield code="z">CDSINTERNAL|MediaArchive|Migrated from: http://mediaarchive.cern.ch/MediaArchive/Photo/Public/2010/1010220/1010220_37/1010220_37-A4-at-144-dpi.jpg</subfield>
  </datafield>
  <datafield tag="856" ind1="4" ind2=" ">
    <subfield code="8">2599742</subfield>
    <subfield code="s">61555</subfield>
    <subfield code="u">http://cds.cern.ch/record/1294068/files/1010220_37.jpg?subformat=icon-720</subfield>
    <subfield code="x">icon-720</subfield>
    <subfield code="z">CDSINTERNAL|MediaArchive|Migrated from: http://mediaarchive.cern.ch/MediaArchive/Photo/Public/2010/1010220/1010220_37/1010220_37-A5-at-72-dpi.jpg</subfield>
  </datafield>
  <datafield tag="856" ind1="4" ind2=" ">
    <subfield code="8">2599743</subfield>
    <subfield code="s">10007</subfield>
    <subfield code="u">http://cds.cern.ch/record/1294068/files/1010220_36.jpg?subformat=icon-180</subfield>
    <subfield code="x">icon-180</subfield>
    <subfield code="z">CDSINTERNAL|MediaArchive|Migrated from: http://mediaarchive.cern.ch/MediaArchive/Photo/Public/2010/1010220/1010220_36/1010220_36-Icon.jpg</subfield>
  </datafield>
  <datafield tag="856" ind1="4" ind2=" ">
    <subfield code="8">2599743</subfield>
    <subfield code="s">335378</subfield>
    <subfield code="u">http://cds.cern.ch/record/1294068/files/1010220_36.jpg?subformat=icon-1440</subfield>
    <subfield code="x">icon-1440</subfield>
    <subfield code="z">CDSINTERNAL|MediaArchive|Migrated from: http://mediaarchive.cern.ch/MediaArchive/Photo/Public/2010/1010220/1010220_36/1010220_36-A4-at-144-dpi.jpg</subfield>
  </datafield>
  <datafield tag="856" ind1="4" ind2=" ">
    <subfield code="8">2599743</subfield>
    <subfield code="s">57398</subfield>
    <subfield code="u">http://cds.cern.ch/record/1294068/files/1010220_36.jpg?subformat=icon-720</subfield>
    <subfield code="x">icon-720</subfield>
    <subfield code="z">CDSINTERNAL|MediaArchive|Migrated from: http://mediaarchive.cern.ch/MediaArchive/Photo/Public/2010/1010220/1010220_36/1010220_36-A5-at-72-dpi.jpg</subfield>
  </datafield>
  <datafield tag="856" ind1="4" ind2=" ">
    <subfield code="8">2599744</subfield>
    <subfield code="s">287048</subfield>
    <subfield code="u">http://cds.cern.ch/record/1294068/files/1010220_43.jpg?subformat=icon-1440</subfield>
    <subfield code="x">icon-1440</subfield>
    <subfield code="z">CDSINTERNAL|MediaArchive|Migrated from: http://mediaarchive.cern.ch/MediaArchive/Photo/Public/2010/1010220/1010220_43/1010220_43-A4-at-144-dpi.jpg</subfield>
  </datafield>
  <datafield tag="856" ind1="4" ind2=" ">
    <subfield code="8">2599744</subfield>
    <subfield code="s">50453</subfield>
    <subfield code="u">http://cds.cern.ch/record/1294068/files/1010220_43.jpg?subformat=icon-720</subfield>
    <subfield code="x">icon-720</subfield>
    <subfield code="z">CDSINTERNAL|MediaArchive|Migrated from: http://mediaarchive.cern.ch/MediaArchive/Photo/Public/2010/1010220/1010220_43/1010220_43-A5-at-72-dpi.jpg</subfield>
  </datafield>
  <datafield tag="856" ind1="4" ind2=" ">
    <subfield code="8">2599744</subfield>
    <subfield code="s">9483</subfield>
    <subfield code="u">http://cds.cern.ch/record/1294068/files/1010220_43.jpg?subformat=icon-180</subfield>
    <subfield code="x">icon-180</subfield>
    <subfield code="z">CDSINTERNAL|MediaArchive|Migrated from: http://mediaarchive.cern.ch/MediaArchive/Photo/Public/2010/1010220/1010220_43/1010220_43-Icon.jpg</subfield>
  </datafield>
  <datafield tag="856" ind1="4" ind2=" ">
    <subfield code="8">2599745</subfield>
    <subfield code="s">230293</subfield>
    <subfield code="u">http://cds.cern.ch/record/1294068/files/1010220_42.jpg?subformat=icon-1440</subfield>
    <subfield code="x">icon-1440</subfield>
    <subfield code="z">CDSINTERNAL|MediaArchive|Migrated from: http://mediaarchive.cern.ch/MediaArchive/Photo/Public/2010/1010220/1010220_42/1010220_42-A4-at-144-dpi.jpg</subfield>
  </datafield>
  <datafield tag="856" ind1="4" ind2=" ">
    <subfield code="8">2599745</subfield>
    <subfield code="s">36824</subfield>
    <subfield code="u">http://cds.cern.ch/record/1294068/files/1010220_42.jpg?subformat=icon-720</subfield>
    <subfield code="x">icon-720</subfield>
    <subfield code="z">CDSINTERNAL|MediaArchive|Migrated from: http://mediaarchive.cern.ch/MediaArchive/Photo/Public/2010/1010220/1010220_42/1010220_42-A5-at-72-dpi.jpg</subfield>
  </datafield>
  <datafield tag="856" ind1="4" ind2=" ">
    <subfield code="8">2599745</subfield>
    <subfield code="s">7629</subfield>
    <subfield code="u">http://cds.cern.ch/record/1294068/files/1010220_42.jpg?subformat=icon-180</subfield>
    <subfield code="x">icon-180</subfield>
    <subfield code="z">CDSINTERNAL|MediaArchive|Migrated from: http://mediaarchive.cern.ch/MediaArchive/Photo/Public/2010/1010220/1010220_42/1010220_42-Icon.jpg</subfield>
  </datafield>
  <datafield tag="856" ind1="4" ind2=" ">
    <subfield code="8">2599746</subfield>
    <subfield code="s">11332</subfield>
    <subfield code="u">http://cds.cern.ch/record/1294068/files/1010220_44.jpg?subformat=icon-180</subfield>
    <subfield code="x">icon-180</subfield>
    <subfield code="z">CDSINTERNAL|MediaArchive|Migrated from: http://mediaarchive.cern.ch/MediaArchive/Photo/Public/2010/1010220/1010220_44/1010220_44-Icon.jpg</subfield>
  </datafield>
  <datafield tag="856" ind1="4" ind2=" ">
    <subfield code="8">2599746</subfield>
    <subfield code="s">353213</subfield>
    <subfield code="u">http://cds.cern.ch/record/1294068/files/1010220_44.jpg?subformat=icon-1440</subfield>
    <subfield code="x">icon-1440</subfield>
    <subfield code="z">CDSINTERNAL|MediaArchive|Migrated from: http://mediaarchive.cern.ch/MediaArchive/Photo/Public/2010/1010220/1010220_44/1010220_44-A4-at-144-dpi.jpg</subfield>
  </datafield>
  <datafield tag="856" ind1="4" ind2=" ">
    <subfield code="8">2599746</subfield>
    <subfield code="s">64295</subfield>
    <subfield code="u">http://cds.cern.ch/record/1294068/files/1010220_44.jpg?subformat=icon-720</subfield>
    <subfield code="x">icon-720</subfield>
    <subfield code="z">CDSINTERNAL|MediaArchive|Migrated from: http://mediaarchive.cern.ch/MediaArchive/Photo/Public/2010/1010220/1010220_44/1010220_44-A5-at-72-dpi.jpg</subfield>
  </datafield>
  <datafield tag="856" ind1="4" ind2=" ">
    <subfield code="8">2599747</subfield>
    <subfield code="s">11231</subfield>
    <subfield code="u">http://cds.cern.ch/record/1294068/files/1010220_47.jpg?subformat=icon-180</subfield>
    <subfield code="x">icon-180</subfield>
    <subfield code="z">CDSINTERNAL|MediaArchive|Migrated from: http://mediaarchive.cern.ch/MediaArchive/Photo/Public/2010/1010220/1010220_47/1010220_47-Icon.jpg</subfield>
  </datafield>
  <datafield tag="856" ind1="4" ind2=" ">
    <subfield code="8">2599747</subfield>
    <subfield code="s">380984</subfield>
    <subfield code="u">http://cds.cern.ch/record/1294068/files/1010220_47.jpg?subformat=icon-1440</subfield>
    <subfield code="x">icon-1440</subfield>
    <subfield code="z">CDSINTERNAL|MediaArchive|Migrated from: http://mediaarchive.cern.ch/MediaArchive/Photo/Public/2010/1010220/1010220_47/1010220_47-A4-at-144-dpi.jpg</subfield>
  </datafield>
  <datafield tag="856" ind1="4" ind2=" ">
    <subfield code="8">2599747</subfield>
    <subfield code="s">65308</subfield>
    <subfield code="u">http://cds.cern.ch/record/1294068/files/1010220_47.jpg?subformat=icon-720</subfield>
    <subfield code="x">icon-720</subfield>
    <subfield code="z">CDSINTERNAL|MediaArchive|Migrated from: http://mediaarchive.cern.ch/MediaArchive/Photo/Public/2010/1010220/1010220_47/1010220_47-A5-at-72-dpi.jpg</subfield>
  </datafield>
  <datafield tag="856" ind1="4" ind2=" ">
    <subfield code="8">2599748</subfield>
    <subfield code="s">10799</subfield>
    <subfield code="u">http://cds.cern.ch/record/1294068/files/1010220_45.jpg?subformat=icon-180</subfield>
    <subfield code="x">icon-180</subfield>
    <subfield code="z">CDSINTERNAL|MediaArchive|Migrated from: http://mediaarchive.cern.ch/MediaArchive/Photo/Public/2010/1010220/1010220_45/1010220_45-Icon.jpg</subfield>
  </datafield>
  <datafield tag="856" ind1="4" ind2=" ">
    <subfield code="8">2599748</subfield>
    <subfield code="s">314038</subfield>
    <subfield code="u">http://cds.cern.ch/record/1294068/files/1010220_45.jpg?subformat=icon-1440</subfield>
    <subfield code="x">icon-1440</subfield>
    <subfield code="z">CDSINTERNAL|MediaArchive|Migrated from: http://mediaarchive.cern.ch/MediaArchive/Photo/Public/2010/1010220/1010220_45/1010220_45-A4-at-144-dpi.jpg</subfield>
  </datafield>
  <datafield tag="856" ind1="4" ind2=" ">
    <subfield code="8">2599748</subfield>
    <subfield code="s">59884</subfield>
    <subfield code="u">http://cds.cern.ch/record/1294068/files/1010220_45.jpg?subformat=icon-720</subfield>
    <subfield code="x">icon-720</subfield>
    <subfield code="z">CDSINTERNAL|MediaArchive|Migrated from: http://mediaarchive.cern.ch/MediaArchive/Photo/Public/2010/1010220/1010220_45/1010220_45-A5-at-72-dpi.jpg</subfield>
  </datafield>
  <datafield tag="856" ind1="4" ind2=" ">
    <subfield code="8">2599749</subfield>
    <subfield code="s">11281</subfield>
    <subfield code="u">http://cds.cern.ch/record/1294068/files/1010220_46.jpg?subformat=icon-180</subfield>
    <subfield code="x">icon-180</subfield>
    <subfield code="z">CDSINTERNAL|MediaArchive|Migrated from: http://mediaarchive.cern.ch/MediaArchive/Photo/Public/2010/1010220/1010220_46/1010220_46-Icon.jpg</subfield>
  </datafield>
  <datafield tag="856" ind1="4" ind2=" ">
    <subfield code="8">2599749</subfield>
    <subfield code="s">335533</subfield>
    <subfield code="u">http://cds.cern.ch/record/1294068/files/1010220_46.jpg?subformat=icon-1440</subfield>
    <subfield code="x">icon-1440</subfield>
    <subfield code="z">CDSINTERNAL|MediaArchive|Migrated from: http://mediaarchive.cern.ch/MediaArchive/Photo/Public/2010/1010220/1010220_46/1010220_46-A4-at-144-dpi.jpg</subfield>
  </datafield>
  <datafield tag="856" ind1="4" ind2=" ">
    <subfield code="8">2599749</subfield>
    <subfield code="s">61301</subfield>
    <subfield code="u">http://cds.cern.ch/record/1294068/files/1010220_46.jpg?subformat=icon-720</subfield>
    <subfield code="x">icon-720</subfield>
    <subfield code="z">CDSINTERNAL|MediaArchive|Migrated from: http://mediaarchive.cern.ch/MediaArchive/Photo/Public/2010/1010220/1010220_46/1010220_46-A5-at-72-dpi.jpg</subfield>
  </datafield>
  <datafield tag="856" ind1="4" ind2=" ">
    <subfield code="8">2599750</subfield>
    <subfield code="s">11557</subfield>
    <subfield code="u">http://cds.cern.ch/record/1294068/files/1010220_48.jpg?subformat=icon-180</subfield>
    <subfield code="x">icon-180</subfield>
    <subfield code="z">CDSINTERNAL|MediaArchive|Migrated from: http://mediaarchive.cern.ch/MediaArchive/Photo/Public/2010/1010220/1010220_48/1010220_48-Icon.jpg</subfield>
  </datafield>
  <datafield tag="856" ind1="4" ind2=" ">
    <subfield code="8">2599750</subfield>
    <subfield code="s">399042</subfield>
    <subfield code="u">http://cds.cern.ch/record/1294068/files/1010220_48.jpg?subformat=icon-1440</subfield>
    <subfield code="x">icon-1440</subfield>
    <subfield code="z">CDSINTERNAL|MediaArchive|Migrated from: http://mediaarchive.cern.ch/MediaArchive/Photo/Public/2010/1010220/1010220_48/1010220_48-A4-at-144-dpi.jpg</subfield>
  </datafield>
  <datafield tag="856" ind1="4" ind2=" ">
    <subfield code="8">2599750</subfield>
    <subfield code="s">68757</subfield>
    <subfield code="u">http://cds.cern.ch/record/1294068/files/1010220_48.jpg?subformat=icon-720</subfield>
    <subfield code="x">icon-720</subfield>
    <subfield code="z">CDSINTERNAL|MediaArchive|Migrated from: http://mediaarchive.cern.ch/MediaArchive/Photo/Public/2010/1010220/1010220_48/1010220_48-A5-at-72-dpi.jpg</subfield>
  </datafield>
  <datafield tag="037" ind1=" " ind2=" ">
    <subfield code="a">CERN-GE-1010220</subfield>
  </datafield>
  <datafield tag="041" ind1=" " ind2=" ">
    <subfield code="a">eng</subfield>
  </datafield>
  <datafield tag="100" ind1=" " ind2=" ">
    <subfield code="a">Claudia Marcelloni</subfield>
  </datafield>
  <datafield tag="245" ind1=" " ind2=" ">
    <subfield code="a">Activities in the ATLAS Experiment during European Researchers Night 2010.</subfield>
  </datafield>
  <datafield tag="269" ind1=" " ind2=" ">
    <subfield code="c">24 Sep 2010</subfield>
  </datafield>
  <datafield tag="340" ind1=" " ind2=" ">
    <subfield code="a">DIGITAL</subfield>
  </datafield>
  <datafield tag="520" ind1=" " ind2=" ">
    <subfield code="a">On 24 September 2010 from 5 p.m. to 1 a.m., European Researchers Night will give some 100 young students from local schools the opportunity to sit side by side with scientists and operators in the LHC control rooms. At the same time, a live webcast will connect CERN with various institutes around Europe participating in the Being a European Scientist Today (BEST) project.</subfield>
  </datafield>
  <datafield tag="542" ind1=" " ind2=" ">
    <subfield code="d">CERN</subfield>
    <subfield code="f">ATLAS Experiment © 2010 CERN</subfield>
    <subfield code="g">2010</subfield>
  </datafield>
  <datafield tag="859" ind1=" " ind2=" ">
    <subfield code="f">claudia.marcelloni@cern.ch</subfield>
  </datafield>
  <datafield tag="903" ind1=" " ind2=" ">
    <subfield code="s">public</subfield>
  </datafield>
  <datafield tag="260" ind1=" " ind2=" ">
    <subfield code="c">2010</subfield>
  </datafield>
  <datafield tag="923" ind1=" " ind2=" ">
    <subfield code="r">c.marcelloni &lt;claudia.marcelloni@cern.ch></subfield>
  </datafield>
  <datafield tag="924" ind1=" " ind2=" ">
    <subfield code="b">01</subfield>
  </datafield>
</record>
<record>
  <controlfield tag="001">1280681</controlfield>
  <controlfield tag="005">20241120111840.0</controlfield>
  <datafield tag="024" ind1="8" ind2=" ">
    <subfield code="a">oai:cds.cern.ch:1280681</subfield>
    <subfield code="p">cerncds:FULLTEXT</subfield>
  </datafield>
  <datafield tag="960" ind1=" " ind2=" ">
    <subfield code="a">81</subfield>
  </datafield>
  <datafield tag="963" ind1=" " ind2=" ">
    <subfield code="a">PUBLIC</subfield>
  </datafield>
  <datafield tag="980" ind1=" " ind2=" ">
    <subfield code="a">PHOTOLAB</subfield>
  </datafield>
  <datafield tag="650" ind1="1" ind2="7">
    <subfield code="2">SzGeCERN</subfield>
    <subfield code="a">Experiments and Tracks</subfield>
  </datafield>
  <datafield tag="653" ind1="1" ind2=" ">
    <subfield code="a">ATLAS</subfield>
    <subfield code="9">CERN</subfield>
  </datafield>
  <datafield tag="653" ind1="1" ind2=" ">
    <subfield code="a">LHC</subfield>
    <subfield code="9">CERN</subfield>
  </datafield>
  <datafield tag="653" ind1="1" ind2=" ">
    <subfield code="a">W bosons</subfield>
    <subfield code="9">CERN</subfield>
  </datafield>
  <datafield tag="653" ind1="1" ind2=" ">
    <subfield code="a">7 TeV</subfield>
    <subfield code="9">CERN</subfield>
  </datafield>
  <datafield tag="653" ind1="1" ind2=" ">
    <subfield code="a">Physics</subfield>
    <subfield code="9">CERN</subfield>
  </datafield>
  <datafield tag="653" ind1="1" ind2=" ">
    <subfield code="a">Event Displays</subfield>
    <subfield code="9">CERN</subfield>
  </datafield>
  <datafield tag="653" ind1="1" ind2=" ">
    <subfield code="a">Proton Collisions</subfield>
    <subfield code="9">CERN</subfield>
  </datafield>
  <datafield tag="037" ind1=" " ind2=" ">
    <subfield code="a">CERN-EX-1004137</subfield>
  </datafield>
  <datafield tag="041" ind1=" " ind2=" ">
    <subfield code="a">eng</subfield>
  </datafield>
  <datafield tag="100" ind1=" " ind2=" ">
    <subfield code="a">ATLAS Collaboration</subfield>
  </datafield>
  <datafield tag="245" ind1=" " ind2=" ">
    <subfield code="a">A candidate event at 7 TeV total collision energy with a W boson decaying in ATLAS to a muon (red track) and an invisible neutrino (dotted line)</subfield>
  </datafield>
  <datafield tag="246" ind1=" " ind2="1">
    <subfield code="a">Un événement candidat, à une énergie de collision totale de 7 TeV, d’un boson W se désintégrant dans ATLAS pour produire une paire électron-positon (trace rouge).</subfield>
  </datafield>
  <datafield tag="269" ind1=" " ind2=" ">
    <subfield code="c">12 Apr 2010</subfield>
  </datafield>
  <datafield tag="340" ind1=" " ind2=" ">
    <subfield code="a">DIGITAL</subfield>
  </datafield>
  <datafield tag="542" ind1=" " ind2=" ">
    <subfield code="d">CERN</subfield>
    <subfield code="f">ATLAS Experiment © 2010 CERN</subfield>
    <subfield code="g">2010</subfield>
  </datafield>
  <datafield tag="859" ind1=" " ind2=" ">
    <subfield code="f">christiane.montarbaud@cern.ch</subfield>
  </datafield>
  <datafield tag="903" ind1=" " ind2=" ">
    <subfield code="s">public</subfield>
  </datafield>
  <datafield tag="260" ind1=" " ind2=" ">
    <subfield code="c">2010</subfield>
  </datafield>
  <datafield tag="923" ind1=" " ind2=" ">
    <subfield code="r">Press Office &lt;press.office@cern.ch></subfield>
  </datafield>
  <datafield tag="856" ind1="4" ind2=" ">
    <subfield code="8">2597875</subfield>
    <subfield code="s">1077585</subfield>
    <subfield code="u">http://cds.cern.ch/record/1280681/files/1004137_01.jpg</subfield>
    <subfield code="z">CDSINTERNAL|MediaArchive|Migrated from: \\cern.ch\dfs\Services\MediaArchive\Photo\Masters\2010\1004137\1004137_01.jpg</subfield>
  </datafield>
  <datafield tag="856" ind1="4" ind2=" ">
    <subfield code="8">2597875</subfield>
    <subfield code="s">12521</subfield>
    <subfield code="u">http://cds.cern.ch/record/1280681/files/1004137_01.jpg?subformat=icon-180</subfield>
    <subfield code="x">icon-180</subfield>
    <subfield code="z">CDSINTERNAL|MediaArchive|Migrated from: http://mediaarchive.cern.ch/MediaArchive/Photo/Public/2010/1004137/1004137_01/1004137_01-Icon.jpg</subfield>
  </datafield>
  <datafield tag="856" ind1="4" ind2=" ">
    <subfield code="8">2597875</subfield>
    <subfield code="s">321266</subfield>
    <subfield code="u">http://cds.cern.ch/record/1280681/files/1004137_01.jpg?subformat=icon-1440</subfield>
    <subfield code="x">icon-1440</subfield>
    <subfield code="z">CDSINTERNAL|MediaArchive|Migrated from: http://mediaarchive.cern.ch/MediaArchive/Photo/Public/2010/1004137/1004137_01/1004137_01-A4-at-144-dpi.jpg</subfield>
  </datafield>
  <datafield tag="856" ind1="4" ind2=" ">
    <subfield code="8">2597875</subfield>
    <subfield code="s">66256</subfield>
    <subfield code="u">http://cds.cern.ch/record/1280681/files/1004137_01.jpg?subformat=icon-720</subfield>
    <subfield code="x">icon-720</subfield>
    <subfield code="z">CDSINTERNAL|MediaArchive|Migrated from: http://mediaarchive.cern.ch/MediaArchive/Photo/Public/2010/1004137/1004137_01/1004137_01-A5-at-72-dpi.jpg</subfield>
  </datafield>
  <datafield tag="595" ind1=" " ind2=" ">
    <subfield code="a">CERN EDS</subfield>
  </datafield>
  <datafield tag="595" ind1=" " ind2=" ">
    <subfield code="a">Press</subfield>
    <subfield code="s">Press Photos</subfield>
  </datafield>
  <datafield tag="595" ind1=" " ind2=" ">
    <subfield code="a">Press</subfield>
    <subfield code="s">ATLAS</subfield>
  </datafield>
  <datafield tag="595" ind1=" " ind2=" ">
    <subfield code="a">Press</subfield>
    <subfield code="s">Particle collision</subfield>
  </datafield>
</record>
<record>
  <controlfield tag="001">1280680</controlfield>
  <controlfield tag="005">20241120111840.0</controlfield>
  <datafield tag="024" ind1="8" ind2=" ">
    <subfield code="a">oai:cds.cern.ch:1280680</subfield>
    <subfield code="p">cerncds:FULLTEXT</subfield>
  </datafield>
  <datafield tag="960" ind1=" " ind2=" ">
    <subfield code="a">81</subfield>
  </datafield>
  <datafield tag="963" ind1=" " ind2=" ">
    <subfield code="a">PUBLIC</subfield>
  </datafield>
  <datafield tag="980" ind1=" " ind2=" ">
    <subfield code="a">PHOTOLAB</subfield>
  </datafield>
  <datafield tag="650" ind1="1" ind2="7">
    <subfield code="2">SzGeCERN</subfield>
    <subfield code="a">Experiments and Tracks</subfield>
  </datafield>
  <datafield tag="653" ind1="1" ind2=" ">
    <subfield code="a">ATLAS</subfield>
    <subfield code="9">CERN</subfield>
  </datafield>
  <datafield tag="653" ind1="1" ind2=" ">
    <subfield code="a">LHC</subfield>
    <subfield code="9">CERN</subfield>
  </datafield>
  <datafield tag="653" ind1="1" ind2=" ">
    <subfield code="a">Z bosons</subfield>
    <subfield code="9">CERN</subfield>
  </datafield>
  <datafield tag="653" ind1="1" ind2=" ">
    <subfield code="a">7 TeV</subfield>
    <subfield code="9">CERN</subfield>
  </datafield>
  <datafield tag="653" ind1="1" ind2=" ">
    <subfield code="a">Physics</subfield>
    <subfield code="9">CERN</subfield>
  </datafield>
  <datafield tag="653" ind1="1" ind2=" ">
    <subfield code="a">Event Displays</subfield>
    <subfield code="9">CERN</subfield>
  </datafield>
  <datafield tag="653" ind1="1" ind2=" ">
    <subfield code="a">Proton Collisions</subfield>
    <subfield code="9">CERN</subfield>
  </datafield>
  <datafield tag="037" ind1=" " ind2=" ">
    <subfield code="a">CERN-EX-1005136</subfield>
  </datafield>
  <datafield tag="041" ind1=" " ind2=" ">
    <subfield code="a">eng</subfield>
  </datafield>
  <datafield tag="100" ind1=" " ind2=" ">
    <subfield code="a">ATLAS Collaboration</subfield>
  </datafield>
  <datafield tag="245" ind1=" " ind2=" ">
    <subfield code="a">The first candidate event at 7 TeV total collision energy with a Z boson  decaying in ATLAS to an electron-positron pair (yellow tracks).</subfield>
  </datafield>
  <datafield tag="246" ind1=" " ind2="1">
    <subfield code="a">Le premier événement candidat, à une énergie de collision totale de 7 TeV, d’un boson Z se désintégrant dans ATLAS pour produire une paire électron-positon (traces jaunes).</subfield>
  </datafield>
  <datafield tag="269" ind1=" " ind2=" ">
    <subfield code="c">09 May 2010</subfield>
  </datafield>
  <datafield tag="340" ind1=" " ind2=" ">
    <subfield code="a">DIGITAL</subfield>
  </datafield>
  <datafield tag="542" ind1=" " ind2=" ">
    <subfield code="d">CERN</subfield>
    <subfield code="f">ATLAS Experiment © 2010 CERN</subfield>
    <subfield code="g">2010</subfield>
  </datafield>
  <datafield tag="859" ind1=" " ind2=" ">
    <subfield code="f">christiane.montarbaud@cern.ch</subfield>
  </datafield>
  <datafield tag="903" ind1=" " ind2=" ">
    <subfield code="s">public</subfield>
  </datafield>
  <datafield tag="260" ind1=" " ind2=" ">
    <subfield code="c">2010</subfield>
  </datafield>
  <datafield tag="923" ind1=" " ind2=" ">
    <subfield code="r">Press Office &lt;press.office@cern.ch></subfield>
  </datafield>
  <datafield tag="924" ind1=" " ind2=" ">
    <subfield code="b">01</subfield>
  </datafield>
  <datafield tag="856" ind1="4" ind2=" ">
    <subfield code="8">2597874</subfield>
    <subfield code="s">970127</subfield>
    <subfield code="u">http://cds.cern.ch/record/1280680/files/1005136_01.jpg</subfield>
    <subfield code="z">CDSINTERNAL|MediaArchive|Migrated from: \\cern.ch\dfs\Services\MediaArchive\Photo\Masters\2010\1005136\1005136_01.jpg</subfield>
  </datafield>
  <datafield tag="856" ind1="4" ind2=" ">
    <subfield code="8">2597874</subfield>
    <subfield code="s">10584</subfield>
    <subfield code="u">http://cds.cern.ch/record/1280680/files/1005136_01.jpg?subformat=icon-180</subfield>
    <subfield code="x">icon-180</subfield>
    <subfield code="z">CDSINTERNAL|MediaArchive|Migrated from: http://mediaarchive.cern.ch/MediaArchive/Photo/Public/2010/1005136/1005136_01/1005136_01-Icon.jpg</subfield>
  </datafield>
  <datafield tag="856" ind1="4" ind2=" ">
    <subfield code="8">2597874</subfield>
    <subfield code="s">331654</subfield>
    <subfield code="u">http://cds.cern.ch/record/1280680/files/1005136_01.jpg?subformat=icon-1440</subfield>
    <subfield code="x">icon-1440</subfield>
    <subfield code="z">CDSINTERNAL|MediaArchive|Migrated from: http://mediaarchive.cern.ch/MediaArchive/Photo/Public/2010/1005136/1005136_01/1005136_01-A4-at-144-dpi.jpg</subfield>
  </datafield>
  <datafield tag="856" ind1="4" ind2=" ">
    <subfield code="8">2597874</subfield>
    <subfield code="s">65251</subfield>
    <subfield code="u">http://cds.cern.ch/record/1280680/files/1005136_01.jpg?subformat=icon-720</subfield>
    <subfield code="x">icon-720</subfield>
    <subfield code="z">CDSINTERNAL|MediaArchive|Migrated from: http://mediaarchive.cern.ch/MediaArchive/Photo/Public/2010/1005136/1005136_01/1005136_01-A5-at-72-dpi.jpg</subfield>
  </datafield>
  <datafield tag="595" ind1=" " ind2=" ">
    <subfield code="a">CERN EDS</subfield>
  </datafield>
  <datafield tag="595" ind1=" " ind2=" ">
    <subfield code="a">Press</subfield>
    <subfield code="s">Press Photos</subfield>
  </datafield>
  <datafield tag="595" ind1=" " ind2=" ">
    <subfield code="a">Press</subfield>
    <subfield code="s">ATLAS</subfield>
  </datafield>
  <datafield tag="595" ind1=" " ind2=" ">
    <subfield code="a">Press</subfield>
    <subfield code="s">Particle collision</subfield>
  </datafield>
</record>

</collection>